{"text_format":"3","workbook":"xlsx","n_sheets":1,"sheets":["st131_composite_noPHI"],"read":"whole","date_system":"1900"}

{"sheet":"st131_composite_noPHI","index":0,"n_rows":367,"n_cols":76,"rows_kept":367}
["sampleno","Code","LOS_total","LOS_after","BMI","obesity","infxDth","read30","icu2dayspost","readinfx","agegroup","severesepsislevel","re_op_2days","culturesite","residence","recenthospitalization","diedthreemonths","arf","dependentfunctionalstatusadmit","impairedconsciousnessleveladmit","historyofnursingcare","historyofuti","urolithiasis","obstructiveurinarydiseases","hemodialysis","diedhospital","pasturologicalprocedure","pastinvasive","pastsurgery","hemiplegia","dm","weightedindexcomorbidity","urine","combinedconditionscore","icustaycurrent","dependentfunctionalstatusdischar","dischargetoltcf","additionalhospitalizations","invasiveorsurgeryafter","effectivetherapy","hourstoeffectivetherapy","polymicrobialculture","anyctxm","ctxm14","ctxm15","tem","shv","ctxm","pabbi","H30","age.group.3","therapy48","Obs","serialno","fimh","batch","pabB","pabB_present","nt","allele1","sw1","allele2","sw2","redo","fimh_redo_list","box","internal_lab_no_2","c_h","C_type","H_type","new","H_composite","st131_ch","st131_h30","st131_pabB","st131"]
[109,168,7,8,18.9,"No",null,"No","No",null,3,"No","No","URINE",2,"Yes","No","No","Yes","Yes","No","Yes","No","Yes","No","No","No","No","No","Yes","Yes",9,"Yes",12,"No","Yes",null,"No","No","Yes",48,"No","Yes","N","Y","N","N","Yes","Yes","Yes","Yes","Yes",163,1,"exsht 3",1,"exsht4","yes",926,30,2445,164,2436,null,null,"Box 1","X64659",{"$nulls":4},"Yes",null,"ST131","ST131","ST131"]
[111,82,19,9,31,"Yes",null,"Yes","No","Yes",3,null,"No","URINE",1,"No",null,"Yes","Yes","Yes","No","No","No","No","No","No","No","No","No","No","No",6,"Yes",9,"Yes","Yes","No","Yes","Yes","No",null,"Yes","Yes","N","Y","N","N","Yes","Yes","Yes","Yes",null,78,2,"exsht 3",1,"exsht4","yes",921,30,2445,164,2436,null,null,"Box 1","S2237",{"$nulls":4},"Yes",null,"ST131","ST131","ST131"]
[120,218,9,9,24.5,"No",null,"No","No",null,3,"No","No","URINE",2,"Yes","Yes","No","Yes","Yes","No","No","No","No","No","No","No","No","Yes","No","No",5,"Yes",7,"No","Yes","Yes","Yes","Yes","No",null,"Yes","Yes","N","Y","N","N","Yes","Yes","Yes","Yes",null,213,3,"batch7",1,"batch7",null,921,30,2445,164,2436,null,null,"Box 1","W57444",{"$nulls":4},"Yes",null,"ST131","ST131","ST131"]
[131,42,6,2,16,"No",null,"No","No",null,3,null,"No","SPUTUM",2,"Yes",null,null,"Yes","No",{"$nulls":12},"No",{"$nulls":6},"No",null,"No","Yes","N","Y","N","N","Yes","Yes","Yes","Yes",null,39,4,"exsht 3",1,"exsht4","yes",921,30,2445,164,2436,null,null,"Box 1","S16041",{"$nulls":4},"Yes",null,"ST131","ST131","ST131"]
[155,14,20,21,23,"No",null,"No","No",null,2,"No","No","BLOOD",2,null,"No","No","Yes","Yes","Yes","No","No","Yes","No","No","No","No","No","Yes","No",1,"No",1,"No","No",null,"Yes","Yes","Yes",85,"Yes","No","N","N","N","N","No","Yes",null,"No","Yes",12,5,"batch7",1,"batch7",null,5,null,0,1,0,"redo",155,"Box 1","G62335","11-",11,null,1,null,"Non-ST131",null,"ST131","ST131"]
[164,199,2,2,23.6,"No","No","No","No",null,3,null,null,"URINE",1,"No","No","No","Yes","No","No","No","No","Yes","No","No","No","No","No","No","Yes",3,"Yes",7,"No","Yes","No","Yes","Yes","Yes",96,"No","Yes","N","Y","N","N","Yes","Yes","No","Yes","Yes",194,6,"batch7",1,"batch7",null,923,29,2445,27,2436,null,null,"Box 1","G81503",{"$nulls":7},"ST131","ST131"]
[172,166,18,12,23,"No",null,"No","No",null,3,"No","No","URINE",1,"No","Yes","No","No","Yes","No","No","No","No","No","No","No","No","No","Yes","No",6,"Yes",10,"No","Yes","Yes","Yes","Yes","No",null,"No","No","N","N","Y","Y","No","No","Yes","Yes",null,161,7,"batch7",1,"batch7",null,930,30,2445,164,2436,null,null,"Box 1","G76035",{"$nulls":4},"Yes",null,"ST131","Non-ST131","ST131"]
[178,21,6,6,16.8,"No","Yes","No",null,null,2,"Yes",null,"BLOOD",1,"No",null,"Yes","Yes","Yes","No","No","No","No","No","Yes","No","No","No","No","Yes",11,"No",12,"Yes",{"$nulls":4},"Yes",75,"Yes","Yes","Y","N","N","N","Yes","Yes","Yes","No","Yes",18,8,"exsht 3",1,"exsht4","yes",918,30,2445,164,2436,null,null,"Box 1","N45510",{"$nulls":4},"Yes",null,"ST131","ST131","ST131"]
[193,144,5,5,34.5,"Yes",null,"Yes","No","No",3,"Yes","No","URINE",2,"No","No","No","Yes","Yes","No","No","No","No","No","No","No","No","No","No","No",4,"Yes",7,"No","Yes",null,"Yes","No","Yes",48,"Yes","Yes","N","Y","N","N","Yes","Yes",null,"Yes","Yes",140,9,null,1,"exsht4","yes",{"$nulls":5},"redo",193,"Box 1","N46843",{"$nulls":7},"ST131","ST131"]
[195,151,30,19,18,"No",null,"Yes","Yes","No",2,"No","No","URINE",1,"Yes","No","No","No","No","No","No","No","No","No","No","No","Yes","No","No","Yes",4,"Yes",5,"Yes",null,"No","Yes","Yes","Yes",0,"No","Yes","N","Y","N","N","Yes","Yes","No","No","No",147,10,"exsht 3",1,"exsht4","yes",909,27,2445,25,2436,null,null,"Box 1","I34086",{"$nulls":7},"ST131","ST131"]
[197,293,4,4,28,"No",null,"Yes","No",null,2,null,"No","URINE",1,"Yes","No","No","No","No","No","Yes","No","No","No","No","No","No","Yes","No","No",0,"Yes",1,"No","No","No","Yes","Yes","Yes",8,"Yes","Yes","N","Y","N","N","Yes","Yes","No","No","No",283,11,"exsht 3",1,"exsht4",null,920,6,2445,5,2436,null,null,"Box 1","H62177",{"$nulls":7},"ST131","ST131"]
[202,190,10,6,23,"No",null,"No","No",null,3,"No","No","URINE",1,"Yes","No","No","No","No","No","No","No","No","Yes","No","No","Yes","Yes","No","No",6,"Yes",8,"No","Yes","No","No","Yes","No",null,"No","Yes","N","Y","Y","N","Yes","Yes","No","Yes",null,185,12,"exsht 3",1,null,null,925,29,2445,27,2436,null,null,"Box 1","W73111",{"$nulls":7},"ST131","ST131"]
[205,147,1,0,42,"Yes",null,"No","No",null,1,null,"No","URINE",1,"No","No","No","Yes","No","No","No","No","No","No","No","No","No","No","No","No",1,"Yes",1,"No","Yes","No","Yes","No","No",null,"No","Yes","N","Y","N","N","Yes","No","Yes","No",null,143,13,"batch7",1,null,null,874,30,2415,164,2406,null,null,"Box 1","H65850",{"$nulls":4},"Yes",null,"ST131","Non-ST131","ST131"]
[210,298,3,3,27.1,"No",null,"Yes","No","No",3,null,"No","URINE",2,"Yes","No","No","Yes","Yes",null,"No","No","No","No","No","No","No","Yes","No","Yes",3,"Yes",8,"No","Yes","Yes","Yes","No","No",null,"No","Yes","N","Y","N","N","Yes","Yes","Yes","Yes",null,288,14,"exsht 3",1,"exsht4","yes",927,30,2445,164,2436,null,null,"Box 1","H69173",{"$nulls":4},"Yes",null,"ST131","ST131","ST131"]
[229,201,3,2,37,"Yes",null,"No","No",null,2,null,"No","URINE",1,"No","No",null,"No","No","No","No","No","No","No","No","No","Yes","Yes","No","Yes",1,"Yes",3,"No",null,"No","Yes","No","Yes",0,"Yes","No","N","N","Y","N","No","Yes","No","No","No",196,15,"batch7",1,null,null,524,6,2445,5,2436,"redo",229,"Box 1","N69940","13-",13,null,1,"No","Non-ST131","Non-ST131","ST131","ST131"]
[240,271,6,6,21.1,"No",null,"Yes","No",null,3,"No","No","URINE",2,"Yes","No","No","Yes","Yes","Yes","Yes","No","No","No","No","No","No","Yes","Yes","Yes",5,"Yes",10,"No","Yes","Yes","Yes","No","Yes",48,"Yes","Yes","Y","N","N","N","Yes","Yes","Yes","Yes","Yes",262,16,"batch7",1,"batch7",null,930,30,2445,164,2436,null,null,"Box 1","S29808",{"$nulls":4},"Yes",null,"ST131","ST131","ST131"]
[241,121,4,2,35,"Yes",null,"No","No",null,3,"No","No","URINE",1,"Yes","No","Yes","No","No","No","No","No","No","No","No","No","Yes","Yes","No","Yes",5,"Yes",7,"No","Yes","No","No","No","No",null,"Yes","Yes","N","Y","N","N","Yes","Yes","No","Yes",null,117,17,"batch7",1,null,null,927,27,2445,25,2436,null,null,"Box 1","N67509",{"$nulls":7},"ST131","ST131"]
[244,117,1,0,30,"Yes",null,"No","No",null,2,null,"No","URINE",2,"Yes","No","No","Yes","Yes","Yes","Yes","No","No","No","No","Yes","Yes","Yes","No","No",3,"Yes",4,"No","Yes",null,"No","No","No",null,"Yes","No","N","N","N","Y","No","Yes","Yes","No",null,113,18,"exsht 3",1,"exsht4","yes",910,30,2445,164,2436,null,null,"Box 1","N63676",{"$nulls":4},"Yes",null,"ST131","ST131","ST131"]
[245,342,12,12,24.4,"No",null,"Yes","No","No",3,null,"No","URINE",2,"Yes","No",null,"Yes","No","Yes","Yes","No","No","No","No","No","No","Yes","No","No",4,"Yes",7,"No",null,"Yes","Yes","No","Yes",48,"Yes","Yes","N","Y","Y","N","Yes","Yes","Yes","Yes","Yes",331,19,"exsht 3",1,"exsht4","yes",920,30,2445,164,2436,null,null,"Box 1","H78737",{"$nulls":4},"Yes",null,"ST131","ST131","ST131"]
[258,176,6,6,26,"No",null,"No","Yes",null,3,"No","No","URINE",2,"No","No","No","Yes","No","No","No","No","Yes","Yes","No","No","Yes","Yes","Yes","No",9,"Yes",13,"No","Yes",null,"No","No","No",null,"Yes","Yes","N","Y","Y","N","Yes","Yes","Yes","Yes",null,171,20,"batch7",1,null,null,915,30,2445,164,2436,null,null,"Box 1","W10899",{"$nulls":4},"Yes",null,"ST131","ST131","ST131"]
[346,56,20,17,25.1,"No",null,"No","No",null,2,"No","No","RESP",1,"Yes","No","No","No","No","No","No","No","No","No","No","No","No","No","No","No",1,"No",2,"Yes",null,"No","Yes","No","Yes",44,"No","Yes","Y","N","Y","N","Yes","Yes","No","No","No",53,21,"batch7",1,null,null,927,29,2439,27,2430,null,null,"Box 1","N75758",{"$nulls":7},"ST131","ST131"]
[353,229,0,0,25,"No",null,"Yes","No","No",2,"No","No","URINE",1,"Yes","No","No","Yes","No","No",null,"No","No","No","No","Yes","No","Yes","Yes","No",3,"Yes",3,"No",null,"No","Yes","Yes","No",null,"Yes","Yes","N","Y","N","N","Yes","Yes","Yes","No",null,224,22,"batch7",1,null,null,924,30,2445,164,2436,null,null,"Box 1","W9995",{"$nulls":4},"Yes",null,"ST131","ST131","ST131"]
[355,251,8,10,30.8,"Yes",null,"Yes","No","Yes",1,"No","No","URINE",2,"Yes","No","Yes","Yes","Yes","Yes","Yes","No","No","No","No","No","No","No","Yes","No",2,"Yes",2,"No","Yes","Yes","Yes","Yes","Yes",48,"No","Yes","N","Y","N","N","Yes","Yes","Yes","No","Yes",244,23,"batch7",1,null,null,925,30,2445,164,2436,null,null,"Box 1","N80328",{"$nulls":4},"Yes",null,"ST131","ST131","ST131"]
[389,223,31,31,21,"No",null,"No","No",null,1,"No","No","URINE",1,"Yes","No","No","No","No","No",null,"No","No","No","No","No","No","No","No","No",0,"Yes",0,"No",null,"No","Yes","No","No",null,"No","No","N","N","Y","N","No","Yes","Yes","No",null,218,24,"batch7",1,"batch7",null,929,30,2445,164,2436,null,null,"Box 1","T74375",{"$nulls":4},"Yes",null,"ST131","ST131","ST131"]
[390,159,4,2,33,"Yes",null,"No","No",null,2,null,"No","URINE",1,"Yes","No",null,"Yes","No","No","No","No","No","No","No","No","Yes","No","No","Yes",4,"Yes",5,"No","Yes","No","No","No","No",null,"No","No","Y","N","N","N","Yes","Yes","Yes","No",null,155,25,"exsht 3",1,"exsht4","yes",926,30,2445,164,2436,null,null,"Box 1","H78143",{"$nulls":4},"Yes",null,"ST131","ST131","ST131"]
[391,245,6,6,26,"No",null,"No","No",null,3,"No","No","URINE",1,"Yes","No","Yes","Yes","No","No",null,"No","No","No","No","No","No","No","No","No",4,"Yes",7,"No",null,"No","No","No","Yes",24,"Yes","No","N","N","Y","N","No","Yes","No","Yes","No",238,26,"batch7",1,"batch7",null,919,27,2445,25,2436,null,null,"Box 1","M64991",{"$nulls":7},"ST131","ST131"]
[392,97,15,15,40,"Yes",null,"Yes","No","No",2,"No","No","URINE",2,"Yes","No","Yes","Yes","Yes",null,"No","No","No","No","No","No","No","No","No","No",3,"Yes",4,"Yes","Yes",null,"Yes","No","Yes",75,"No","No","Y","Y","Y","N","Yes","Yes",null,"No","Yes",93,27,null,1,"exsht4","yes",{"$nulls":5},"redo",392,"Box 1","O18649",{"$nulls":7},"ST131","ST131"]
[393,289,0,0,27,"No",null,"No","No",null,3,"No","No","URINE",2,"No","No","No","Yes","No","Yes",null,"No","No","No","No","Yes","No","No","No","Yes",3,"Yes",5,"No","Yes","Yes","No","Yes","No",null,"Yes","No","N","N","Y","N","No","Yes","Yes","Yes",null,279,28,"batch7",1,"batch7",null,919,30,2421,164,2412,null,null,"Box 1","S46956",{"$nulls":4},"Yes",null,"ST131","ST131","ST131"]
[394,322,13,13,21,"No",null,"No","No",null,3,"No","No","URINE",2,"No","No","No","Yes","No","Yes",null,"No","No","No","No","No","No","No","No","No",6,"Yes",9,"No","Yes","Yes","Yes","No","Yes",72,"No","No","Y","Y","Y","N","Yes","Yes","Yes","Yes","Yes",312,29,"exsht 3",1,"exsht4","yes",926,30,2445,164,2436,null,null,"Box 1","B47137",{"$nulls":4},"Yes",null,"ST131","ST131","ST131"]
[395,133,5,5,17,"No",null,"No","No",null,2,"No","No","URINE",1,"No",null,"Yes","Yes","No","No",null,"No","No","No","No","No","No","Yes","No","No",6,"Yes",7,"No","Yes","No","No","No","No",null,"No","No","N","N","Y","N","No","Yes",null,"No",null,129,30,null,1,"exsht4","yes",{"$nulls":5},"redo",395,"Box 1","O23790","14-30",14,30,1,"Yes","Non-ST131","ST131","ST131","ST131"]
[423,210,7,7,35.1,"No",null,"No","No",null,3,"No","No","URINE",1,"No","No","No","No","No","No","Yes","No","No","No","No","No","No","No","No","No",1,"Yes",5,"No",null,"No","No","No","Yes",null,"Yes","No","Y","Y","N","N","Yes","Yes","Yes","Yes",null,205,31,"batch7",1,"batch7",null,738,30,2421,164,2412,"redo",423,"Box 1","B47068","40-30",40,30,1,"Yes","ST131","ST131","ST131","ST131"]
[442,4,6,6,29,"No",null,"No","No",null,3,"No","No","BLOOD",2,"Yes","No","No","No","No","No","No","No","No","No","No","No","No","No","No","Yes",3,"No",5,"No","No","No","Yes","Yes","Yes",120,"No","No","N","Y","N","N","Yes","Yes","No","Yes","Yes",2,32,"batch7",1,"batch7",null,526,248,2082,214,2082,"redo",442,"Box 1","H87802","40-30",40,30,1,"Yes","ST131","ST131","ST131","ST131"]
[449,11,1,10,29.1,"No",null,"No","No",null,3,"Yes","No","BLOOD",2,"No","No","No","Yes","No","No","No","No","Yes","No","No","No","No","No","No","No",1,"No",5,"Yes","Yes",null,"No","No","Yes",45,"Yes","Yes","N","Y","N","N","Yes","Yes","Yes","Yes","No",9,33,"exsht 3",1,"exsht4",null,930,30,2445,164,2436,null,null,"Box 1","X20188",{"$nulls":4},"Yes",null,"ST131","ST131","ST131"]
[450,23,10,10,28,"No",null,"Yes","No","Yes",3,"No","No","BLOOD",1,"Yes","No","Yes","Yes","Yes","No","No","No","No","No","No","No","No","No","Yes","Yes",10,"No",14,"Yes","Yes","No","Yes","No","Yes",74,"No","Yes","N","Y","N","N","Yes","Yes","Yes","Yes","Yes",20,34,"exsht 3",1,"exsht4","yes",521,30,2051,164,2048,"redo",450,"Box 1","M75481","40-30",40,30,1,"Yes","ST131","ST131","ST131","ST131"]
[486,36,30,25,30,"Yes",null,"No","Yes",null,3,"Yes","No","SPUTUM",1,"No","No","Yes","Yes","Yes","No","No","No","No","No","No","No","No","Yes","No","No",2,"No",6,"Yes","Yes","Yes","Yes","Yes","Yes",199,"Yes","Yes","N","Y","Y","N","Yes","Yes","No","Yes","Yes",33,35,"exsht 3",1,"exsht4","yes",931,2,2445,343,2436,null,null,"Box 1","M76637",{"$nulls":7},"ST131","ST131"]
[487,352,13,7,21,"No",null,"No","No",null,2,"Yes","No","ABSCESS",2,"Yes","No","No","Yes","Yes","Yes","Yes","No","No","No","No","No","Yes","No","No","Yes",5,"No",7,"No","Yes","Yes","Yes","No","Yes",0,"Yes","Yes","N","Y","N","N","Yes","No","Yes","No","No",340,36,"exsht 3",1,"exsht4",null,924,30,2445,164,2336,null,null,"Box 1","B57102",{"$nulls":4},"Yes",null,"ST131","Non-ST131","ST131"]
[489,160,1,0,26.9,"No",null,"No","No",null,2,null,"No","URINE",1,"No","No",null,"Yes","No","No","No","No","No","No","No","No","No","No","No","No",1,"Yes",2,"No","Yes","No","No","No","No",null,"No","Yes","N","Y","N","N","Yes","Yes","Yes","No",null,156,37,"batch7",1,null,null,921,30,2445,164,2436,null,null,"Box 1","W31772",{"$nulls":4},"Yes",null,"ST131","ST131","ST131"]
[494,73,56,16,26,"No",null,"No","No",null,3,"No","No","URINE",1,"No",null,"Yes","No","No","No","No","No","No","No","No","No","No","Yes","No","No",6,"Yes",9,"Yes","Yes","Yes","No","Yes",null,null,"No","Yes","Y","N","N","N","Yes","Yes","Yes","Yes",null,69,38,"exsht 3",1,"exsht4","yes",653,30,2409,164,2400,"redo",494,"Box 1","B66216","40-30",40,30,1,"Yes","ST131","ST131","ST131","ST131"]
[495,95,2,2,25.7,"No",null,"No","No",null,1,"No","No","URINE",1,"No","No","No","No","No","No","No","No","No","No","No","No","No","No","No","No",0,"Yes",0,"No",null,"No","Yes","No","No",null,"No","Yes","N","Y","N","N","Yes","Yes",null,"No",null,91,39,null,1,"exsht4","yes",{"$nulls":5},"redo",495,"Box 1","B64575","40-30",40,30,1,"Yes","ST131","ST131","ST131","ST131"]
[496,128,4,1,25,"No",null,"No","No",null,3,null,"No","URINE",2,"No","No","No","Yes","No","Yes","Yes","No","No","No","No","No","No","No","No","No",4,"Yes",8,"No","Yes",null,"No","No","No",null,"Yes","Yes","Y","N","Y","N","Yes","Yes","No","Yes",null,124,40,"batch7",1,"batch7",null,927,248,2370,33,2370,null,null,"Box 1","F62468",{"$nulls":7},"ST131","ST131"]
[498,299,10,9,36,"Yes",null,"No","No",null,3,"No","No","URINE",1,"Yes","No","Yes","Yes","Yes","No",null,"No","No","No","No","No","No","No","No","Yes",5,"Yes",9,"Yes","Yes","No","Yes","Yes","Yes",48,"Yes","Yes","N","Y","N","N","Yes","Yes","No","Yes","Yes",289,41,"exsht 3",1,"exsht4",null,928,29,2445,27,2436,null,null,"Box 1","X33541",{"$nulls":7},"ST131","ST131"]
[499,228,3,3,24.2,"No",null,"No","No",null,3,"No","No","URINE",2,"Yes","No","No","Yes","No",null,"Yes","No","No","No","No","No","No","Yes","Yes","Yes",3,"Yes",6,"No","Yes",null,"No","No","No",null,"Yes","Yes","N","Y","N","N","Yes","Yes","Yes","Yes",null,223,42,"batch7",1,null,null,922,30,2439,164,2430,null,null,"Box 1","F66902",{"$nulls":4},"Yes",null,"ST131","ST131","ST131"]
[502,350,53,5,29,"No",null,"No","No",null,3,"No","No","TISSUE",1,"Yes","No","No","Yes","Yes","No","No","No","No","Yes","No","No","Yes","Yes","No","Yes",5,"No",7,"No","Yes","No","Yes","Yes","No",null,"Yes","No","N","N","Y","N","No","Yes","No","Yes",null,339,43,"batch7",1,"batch7",null,925,54,2445,53,2436,null,null,"Box 1","B61494",{"$nulls":7},"ST131","ST131"]
[515,267,0,0,18,"No",null,"Yes","No","Yes",3,"No","No","URINE",1,"Yes","No","No","Yes","No","Yes","Yes","No","No","No","No","No","Yes","Yes","No","No",1,"Yes",5,"No","Yes","No","Yes","No","Yes",48,"Yes","Yes","N","Y","N","N","Yes","Yes","Yes","Yes","Yes",258,44,"batch7",1,"batch7",null,919,30,2445,164,2436,null,null,"Box 1","B73908",{"$nulls":4},"Yes",null,"ST131","ST131","ST131"]
[519,242,18,19,18,"No",null,"No","No",null,3,"No","No","URINE",1,"Yes","No","Yes","Yes","Yes","No","Yes","No","Yes","No","No","Yes","Yes","Yes","No","Yes",10,"Yes",13,"No","Yes","No","No","No","Yes",48,"No","Yes","N","Y","Y","N","Yes","Yes","Yes","Yes","Yes",236,45,"batch7",1,null,null,920,30,2445,164,2436,null,null,"Box 1","F73711",{"$nulls":4},"Yes",null,"ST131","ST131","ST131"]
[520,77,11,11,23,"No",null,"No","No",null,3,null,"No","URINE",2,"No",null,"Yes","Yes","Yes",null,null,"No","No","No","No","No","No","No","No","Yes",8,"Yes",13,"No","Yes",null,"Yes","No","Yes",71,"No","Yes","N","Y","N","N","Yes","Yes","Yes","Yes","Yes",73,46,"exsht 3",1,"exsht4",null,921,30,2445,164,2436,null,null,"Box 1","H23975",{"$nulls":4},"Yes",null,"ST131","ST131","ST131"]
[534,220,8,8,20,"No","No","No","No",null,3,"Yes","No","URINE",1,"No",null,"No",{"$nulls":3},"No","No","No","No","Yes","No","No","No","No","No",2,"Yes",5,"Yes",{"$nulls":3},"Yes","Yes",48,"No","Yes","N","Y","Y","N","Yes","Yes","Yes","Yes","Yes",215,47,"exsht 3",1,"exsht4",null,927,30,2445,164,2436,null,null,"Box 1","S68969",{"$nulls":4},"Yes",null,"ST131","ST131","ST131"]
[535,332,10,10,22.5,"No","No","Yes",null,"Yes",3,"Yes",null,"URINE",1,"No","No","No","Yes","Yes",null,"No","No","No","No","No","No","No","No","Yes","No",3,"Yes",6,"Yes","Yes","No","Yes","Yes","Yes",72,"Yes","Yes","N","Y","Y","N","Yes","Yes","No","Yes","Yes",322,48,"exsht 3",1,"exsht4",null,927,384,2412,203,2403,null,null,"Box 1","W38240",{"$nulls":7},"ST131","ST131"]
[537,106,1,0,{"$nulls":3},"No",null,null,1,null,null,"URINE",1,"No","No","No","Yes","No","No","No","No","No","No","No","No","No","No","No","No",0,"Yes",0,"No",null,null,"No","No","No",null,"No","Yes","N","Y","Y","N","Yes","Yes","Yes","No",null,102,49,"batch7",1,null,null,917,30,2433,164,2424,null,null,"Box 1","F74143",{"$nulls":4},"Yes",null,"ST131","ST131","ST131"]
[554,269,8,8,28,"No",null,"No","No",null,3,"No","No","URINE",2,"Yes",null,"No","Yes","No",null,"No","No","No","No","No","No","No","No","No","No",0,"Yes",4,"No","Yes",null,"No","Yes","Yes",48,"No","No","N","N","Y","N","No","Yes","No","Yes","Yes",260,50,"batch7",1,null,null,925,5,2445,173,2436,null,null,"Box 1","F70902",{"$nulls":7},"ST131","ST131"]
[557,175,5,1,36,"Yes",null,"No","No",null,2,null,"No","URINE",2,"Yes","No",null,"Yes","No","No",null,"No","No","No","No","No","No","No","No","No",0,"Yes",1,"No","Yes",null,"No","No","No",null,"Yes","Yes","N","Y","N","N","Yes","Yes","Yes","No",null,170,51,"batch7",1,"batch7",null,937,30,2445,164,2436,null,null,"Box 1","F71518",{"$nulls":4},"Yes",null,"ST131","ST131","ST131"]
[572,246,0,0,24.6,"No",null,"No","No",null,2,"No","No","URINE",1,"No",null,"No","No","No","No","Yes","Yes","No","No","No","No","No","No","No","No",0,"Yes",0,"No","No","No","No","No","No",null,"Yes","Yes","N","Y","N","N","Yes","Yes","No","No",null,239,52,"exsht 3",1,"exsht4",null,930,54,2445,53,2436,null,null,"Box 1","B82720",{"$nulls":7},"ST131","ST131"]
[576,334,8,1,38,"Yes",null,"No","No",null,2,null,"No","URINE",1,"Yes",null,"Yes","Yes",{"$nulls":5},"Yes",null,null,"Yes","Yes",null,"Yes",6,"Yes",7,null,"Yes",null,"Yes","Yes","No",null,"Yes","Yes","N","Y","N","N","Yes","Yes","Yes","No",null,324,53,"exsht 3",1,"exsht4",null,913,30,2445,164,2436,null,null,"Box 1","m14953",{"$nulls":4},"Yes",null,"ST131","ST131","ST131"]
[582,347,7,7,24,"No",null,"Yes","No","No",3,"Yes","No","WOUND",2,null,"Yes",null,"Yes",null,"Yes",{"$nulls":9},"Yes",5,"No",9,null,"Yes",null,"Yes","Yes","Yes",24,"Yes","No","N","N","Y","N","No","No",null,"Yes","No",336,54,"batch7",1,"batch7",null,262,null,506,99,506,"redo",582,"Box 1","x39582",{"$nulls":7},"Non-ST131","Non-ST131"]
[587,240,1,1,21,"No",null,"No","No",null,3,"Yes","No","URINE",2,{"$nulls":3},"Yes","Yes","Yes",{"$nulls":6},"Yes",null,null,"Yes",0,"Yes",4,null,"Yes",null,null,"Yes","No",null,"Yes","No","N","N","Y","N","No","No","Yes","Yes",null,234,55,"batch7",1,"batch7",null,927,30,2445,164,2436,null,null,"Box 1","F69743",{"$nulls":4},"Yes",null,"ST131","Non-ST131","ST131"]
[592,31,39,17,28,"No",null,"No","No",null,3,"Yes","No","SPUTUM",2,"Yes","No","Yes","Yes","Yes","Yes","No","No","No","No","No","No","No","No","No","Yes",4,"No",8,"Yes","Yes",null,"No","No","Yes",70,"Yes","Yes","N","Y","Y","N","Yes","Yes",null,"Yes","Yes",28,56,"batch7",1,"batch7",null,212,null,264,51,264,"redo",592,"Box 1","T67790","40-30",40,30,1,"Yes","ST131","ST131","ST131","ST131"]
[593,40,12,5,34,"Yes",null,"No","No",null,2,"No","No","SPUTUM",1,"No",null,"No","No","No","No","No","No","No","No","Yes","No","Yes","Yes","No","Yes",8,"No",10,"Yes",{"$nulls":4},"Yes",55,"No","No","N","N","Y","N","No","Yes",null,"No","Yes",37,57,"exsht 3",1,"exsht4","yes",{"$nulls":5},"redo",593,"Box 1","M9901","37-29",37,29,1,null,"Non-ST131",null,"ST131","ST131"]
[599,145,7,7,29.4,"No",null,"No","No",null,3,"No","No","URINE",2,"Yes","No","Yes","Yes","No","No","No","No","No","No","No","No","No","No","Yes","Yes",6,"Yes",8,"No","Yes",null,"Yes","No","No",null,"Yes","Yes","N","Y","N","N","Yes","Yes","Yes","Yes",null,141,58,"exsht 3",1,"exsht4",null,889,30,2445,164,2436,null,null,"Box 1","T47615",{"$nulls":4},"Yes",null,"ST131","ST131","ST131"]
[603,45,13,13,39.3,"Yes","No","No","No","No",2,"Yes","No","SPUTUM",2,"Yes",null,"No","Yes","Yes","No","No","No","No","No","Yes","No","Yes","Yes","Yes","Yes",8,"No",10,"Yes",{"$nulls":4},"No",null,"Yes","Yes","N","Y","Y","N","Yes","Yes","Yes","No",null,42,59,"exsht 3",1,"exsht4","yes",808,30,2445,164,2436,"redo",603,"Box 1","P47911",{"$nulls":4},"Yes",null,"ST131","ST131","ST131"]
[607,376,1,1,22,"No",null,"No","No",null,1,"Yes","No","WOUND",2,"Yes",{"$nulls":12},"Yes",null,null,0,"No",0,{"$nulls":5},"No",null,"Yes","Yes","Y","N","Y","N","Yes","No",null,"No",null,364,60,"batch7",1,"batch7",null,131,null,10,1,10,"redo",607,"Box 1","T49014",{"$nulls":7},"Non-ST131","Non-ST131"]
[608,370,15,7,20,"No",null,"No","No",null,3,"Yes","No","ABSCESS",2,"Yes","Yes","Yes","Yes","Yes","Yes",{"$nulls":6},"Yes","Yes","Yes","Yes",7,"No",10,null,"Yes",null,null,"Yes","Yes",0,"Yes","Yes","N","Y","N","N","Yes","Yes","Yes","Yes","No",358,61,"exsht 3",1,"exsht4","yes",923,30,2445,164,2436,null,null,"Box 1","M18105",{"$nulls":4},"Yes",null,"ST131","ST131","ST131"]
[612,279,1,1,25,"No",null,"No","No",null,3,null,"No","URINE",1,"Yes",{"$nulls":14},"Yes",2,"Yes",5,{"$nulls":7},"No","No","N","N","Y","N","No","Yes","No","Yes",null,270,62,"batch7",1,null,null,909,103,2445,242,2436,null,null,"Box 1","W68283",{"$nulls":7},"ST131","ST131"]
[614,110,1,0,31,"Yes",null,"No","No",null,2,null,"No","URINE",1,"Yes","No","No","Yes","Yes","No","No","No","No","No","No","No","Yes","Yes","No","Yes",2,"Yes",2,"No",null,null,"Yes","No","No",null,"No","Yes","N","Y","Y","N","Yes","No","Yes","No",null,106,1,"exsht 3",2,"exsht4",null,925,30,2445,164,2436,null,null,"Box 1","T52122",{"$nulls":4},"Yes",null,"ST131","Non-ST131","ST131"]
[617,275,12,11,25,"No",null,"No","No",null,2,"Yes","No","URINE",2,"Yes",null,null,"Yes",{"$nulls":8},"Yes","Yes",null,null,0,"Yes",1,null,"Yes",{"$nulls":3},"Yes",48,"Yes","Yes","N","Y","N","N","Yes","Yes","Yes","No","Yes",266,2,"exsht 3",2,"exsht4",null,934,30,2445,164,2436,null,null,"Box 1","P49377",{"$nulls":4},"Yes",null,"ST131","ST131","ST131"]
[618,219,5,5,25,"No",null,"No","No",null,3,"Yes","No","URINE",1,"Yes",null,null,"Yes","Yes",null,"Yes",null,"Yes",null,null,"Yes",null,"Yes",null,null,1,"Yes",4,null,"Yes",{"$nulls":3},"Yes",0,"Yes","Yes","N","Y","N","N","Yes","Yes","Yes","Yes","No",214,3,"batch7",2,"batch7",null,928,30,2445,164,2436,null,null,"Box 1","M23575",{"$nulls":4},"Yes",null,"ST131","ST131","ST131"]
[621,34,21,12,30,"Yes","No","No","Yes",null,3,"Yes","No","SPUTUM",1,"Yes","Yes","No","Yes","No","Yes","No","No","No","No","Yes","No","No","No","No","Yes",7,"No",11,"Yes",{"$nulls":4},"Yes",48,"Yes","Yes","N","Y","Y","N","Yes","Yes","Yes","Yes","Yes",31,4,"exsht 3",2,"exsht4","yes",562,30,2269,214,2269,"redo",621,"Box 1","X44605","40-30",40,30,1,"Yes","ST131","ST131","ST131","ST131"]
[623,125,4,4,22.5,"No",null,"No","No",null,2,"No","No","URINE",2,"Yes","No","Yes","Yes","No","Yes","Yes","No","No","No","No","No","Yes","No","No","Yes",9,"Yes",11,"No","Yes",null,"Yes","Yes","Yes",51,"Yes","Yes","N","Y","Y","N","Yes","Yes","Yes","No","Yes",121,5,"batch7",2,null,null,926,30,2445,164,2436,null,null,"Box 1","P54663",{"$nulls":4},"Yes",null,"ST131","ST131","ST131"]
[625,120,6,6,28,"No",null,"No","No",null,3,"No","No","URINE",2,"No","No","No","Yes","No","Yes","Yes","No","No","No","No","No","Yes","Yes","No","No",3,"Yes",5,"No","No",null,"Yes","No","Yes",123,"Yes","Yes","N","Y","Y","Y","Yes","No","Yes","Yes","Yes",116,6,"batch7",2,null,null,917,30,2445,164,2436,null,null,"Box 1","P53016",{"$nulls":4},"Yes",null,"ST131","Non-ST131","ST131"]
[628,74,6,6,24,"No",null,"No","No",null,2,null,"No","URINE",1,"No","No","Yes","No","No","No","Yes","Yes","No","No","No","No","No","No","No","Yes",4,"Yes",6,"No",null,"No","No","No","No",null,"No","Yes","N","Y","N","N","Yes","Yes","Yes","No",null,70,7,"exsht 3",2,"exsht4",null,922,30,2445,164,2436,null,null,"Box 1","H39871",{"$nulls":4},"Yes",null,"ST131","ST131","ST131"]
[633,195,3,1,55,"Yes",null,"No","No",null,2,"Yes","No","URINE",1,{"$nulls":3},"Yes",{"$nulls":11},"Yes",5,"Yes",6,null,"Yes",{"$nulls":3},"No",null,"Yes","No","N","N","N","Y","No","Yes","No","No",null,190,8,"exsht 3",2,"exsht4","yes",914,54,2445,53,2436,null,null,"Box 1","S79836",{"$nulls":7},"ST131","ST131"]
[641,41,4,4,28.5,"Yes",null,"No","No",null,2,"Yes","No","SPUTUM",2,"No",null,"No","Yes","Yes",null,"No","No","No","No","No","No","No","No","Yes","Yes",8,"No",10,"Yes",{"$nulls":4},"Yes",47,"No","Yes","N","Y","N","N","Yes","Yes","Yes","No","No",38,9,"exsht 3",2,"exsht4","yes",926,30,2445,164,2436,null,null,"Box 1","X51758",{"$nulls":4},"Yes",null,"ST131","ST131","ST131"]
[644,55,9,5,31.6,"Yes",null,"No","No",null,3,"Yes","No","SPUTUM",2,"Yes","Yes","Yes","Yes","No","Yes","Yes","No","No","No","No","No","No","No","Yes","Yes",5,"No",7,"No","Yes","Yes","No","No","Yes",0,"Yes","Yes","N","Y","N","N","Yes","Yes","Yes","Yes","No",52,10,"exsht 3",2,"exsht4","yes",928,30,2445,164,2436,null,null,"Box 1","X50217",{"$nulls":4},"Yes",null,"ST131","ST131","ST131"]
[645,268,0,0,28,"No",null,"No","No",null,3,"Yes","No","URINE",2,{"$nulls":5},"Yes",{"$nulls":10},6,"Yes",10,{"$nulls":5},"Yes",null,"Yes","No","N","N","Y","N","No",null,null,"Yes",null,259,1,"batch7",3,"redo",{"$nulls":6},"redo",645,"Box 1","P62734","40-30",40,30,1,"Yes","ST131","ST131",null,"ST131"]
[646,361,17,14,25,"No",null,"No","Yes",null,3,"No","No","KNEE FLUID",1,"Yes",null,"Yes","Yes",{"$nulls":4},"Yes","Yes",null,null,"Yes",{"$nulls":3},4,"No",7,null,"Yes","Yes","Yes","Yes","Yes",24,"Yes","Yes","N","Y","Y","N","Yes",null,null,"Yes","No",349,2,"batch7",3,"redo",{"$nulls":6},"redo",646,"Box 1","T54365","40-30",40,30,1,"Yes","ST131","ST131",null,"ST131"]
[647,8,7,7,53,"Yes",null,"No","No",null,3,"No","No","BLOOD",2,"Yes","No","No","Yes","No","Yes","No","No","No","No","No","No","No","No","No","No",3,"No",4,"No","Yes",null,"Yes","No","Yes",36,"No","No","N","Y","Y","N","Yes",null,null,"Yes","No",6,3,"batch7",3,"redo",{"$nulls":6},"redo",647,"Box 1","W72583","40-30",40,30,1,"Yes","ST131","ST131",null,"ST131"]
[648,7,23,2,43,"Yes",null,"No","No",null,2,"No","No","BLOOD",1,"Yes","No","Yes","No","No","No","Yes","No","No","No","No","No","No","Yes","No","No",null,"No",null,"No","No","No","Yes","No","Yes",35,"No","No","N","N","Y","N","No","No",null,"No","No",5,4,"batch7",3,"batch7",{"$nulls":6},"redo",648,"Box 1","W76910","106-54",106,54,1,null,"Non-ST131",null,"Non-ST131","Non-ST131"]
[656,3,17,10,35,"Yes",null,"No","No",null,3,"No","No","BLOOD",1,"Yes","No","No","No","No","No","No","No","No","No","No","No","No","No","No","No",3,"No",8,"No","No","No","Yes","No","Yes",72,"No","Yes","N","Y","Y","N","Yes","No",null,"Yes","Yes",1,6,"batch7",3,"batch7",{"$nulls":6},"redo",656,"Box 1","T70374","40-30",40,30,1,"Yes","ST131","ST131","Non-ST131","ST131"]
[668,253,23,23,23,"No",null,"No","Yes",null,2,"No","No","URINE",2,"Yes",null,"Yes","Yes","Yes","Yes",{"$nulls":6},"Yes","Yes",null,"Yes",3,"Yes",5,null,"Yes",null,null,"Yes","Yes",72,"No","No","N","N","Y","N","No","Yes",null,"No","Yes",246,7,"sheet3",3,"exsht2","yes",{"$nulls":5},"redo",668,"Box 1","P70221",{"$nulls":7},"ST131","ST131"]
[673,67,5,5,28,"No",null,"Yes","No",null,2,"No","No","URINE",2,"Yes","No","No","Yes","Yes",null,"No","No","No","No","No","No","No","No","No","No",0,"Yes",1,"No","Yes","Yes","Yes","No","Yes",89,"Yes","Yes","N","Y","N","N","Yes","Yes",null,"No","Yes",64,8,"sheet3",3,"exsht3","yes",{"$nulls":5},"redo",673,"Box 1","S4903","40-30",40,30,1,"Yes","ST131","ST131","ST131","ST131"]
[682,154,6,6,19.5,"No",null,"Yes","No",null,3,"No","No","URINE",2,"Yes","No","No","Yes","No","No","Yes","No","No","No","No","No","No","No","No","No",4,"Yes",8,"No","Yes",null,"Yes","No","Yes",0,"Yes","Yes","N","Y","Y","N","Yes","Yes",null,"Yes","No",150,9,"batch7",3,"batch7",{"$nulls":6},"redo",682,"Box 2","P70492","26-",26,null,1,null,"Non-ST131",null,"ST131","ST131"]
[690,204,14,4,32,"Yes",null,"Yes","No","Yes",3,"Yes","No","URINE",2,"Yes","Yes","Yes","Yes","Yes","Yes","Yes",{"$nulls":8},"Yes",7,"Yes",11,null,"Yes",null,"Yes","Yes","Yes",null,"No","Yes","N","Y","Y","N","Yes","Yes",null,"Yes",null,199,10,"sheet3",3,"exsht2","yes",{"$nulls":5},"redo",690,"Box 2","W84205","40-30",40,30,1,"Yes","ST131","ST131","ST131","ST131"]
[691,119,10,3,18,"No",null,"Yes","No",null,3,null,"No","URINE",1,"No","No","Yes","No","Yes","No","No","No","No","No","No","No","Yes","Yes","No","Yes",2,"Yes",5,"Yes","No",null,"Yes","No","Yes",74,"No","Yes","N","Y","N","N","Yes","Yes",null,"Yes","Yes",115,11,"batch7",3,"batch7",{"$nulls":6},"redo",691,"Box 2","H53573",{"$nulls":7},"ST131","ST131"]
[709,114,7,7,22,"No",null,"No","No",null,3,null,"No","URINE",2,"Yes","No","No","Yes","Yes","Yes","No","No","No","No","No","No","Yes","No","No","No",3,"Yes",7,"No","Yes","Yes","Yes","No","Yes",13,"No","Yes","N","Y","N","N","Yes","Yes",null,"Yes","No",110,13,"sheet3",3,"exsht2","yes",{"$nulls":5},"redo",709,"Box 2","H58124","11-",11,null,1,null,"Non-ST131",null,"ST131","ST131"]
[718,113,10,10,23,"No",null,"No","No",null,3,"No","No","URINE",2,"No","No","No","Yes","Yes","Yes","Yes","No","No","No","No","No","No","No","No","Yes",5,"Yes",9,"No","Yes",null,"No","No","Yes",99,"No","No","N","N","Y","N","No","Yes",null,"Yes","Yes",109,14,"sheet3",3,"exsht2","yes",{"$nulls":5},"redo",718,"Box 2","S11007",{"$nulls":7},"ST131","ST131"]
[719,317,3,3,20.2,"No",null,"No","No",null,2,"Yes",null,"URINE",1,{"$nulls":3},"Yes",null,null,"Yes","Yes",{"$nulls":6},"Yes",null,2,"Yes",2,null,"Yes",{"$nulls":3},"Yes",72,"Yes","No","N","N","Y","N","No","Yes",null,"No","Yes",307,15,"sheet3",3,"exsht2",{"$nulls":6},"redo",719,"Box 2","X61185","40-30",40,30,1,"Yes","ST131","ST131","ST131","ST131"]
[722,83,10,10,26,"No",null,"No","No",null,3,null,"No","URINE",2,"No",null,null,"Yes","Yes","No","No","No","No","No",null,"No","No","No","No","No",1,"Yes",6,{"$nulls":5},"Yes",69,"No","No","N","Y","Y","N","Yes","Yes",null,"Yes","Yes",79,16,"sheet3",3,"exsht2",{"$nulls":6},"redo",722,"Box 2","P80219","40-30",40,30,1,"Yes","ST131","ST131","ST131","ST131"]
[738,303,8,8,21,"No",null,"No","No",null,3,"Yes","No","URINE",1,"Yes",null,null,"Yes","Yes",{"$nulls":11},2,"Yes",5,null,"Yes",{"$nulls":3},"Yes",48,"No","No","N","N","Y","N","No","No",null,"Yes","Yes",293,18,"sheet3",3,"exsht2",{"$nulls":6},"redo",738,"Box 2","T77937","45-97",45,97,1,null,"Non-ST131",null,"Non-ST131","Non-ST131"]
[742,292,7,7,26,"No",null,"No","No",null,3,"Yes","No","URINE",2,"Yes",null,null,"Yes","Yes","Yes","Yes",{"$nulls":4},"Yes","Yes","Yes",null,"Yes",5,"Yes",8,null,"Yes",{"$nulls":3},"No",null,"Yes","Yes","N","Y","N","Y","Yes","Yes",null,"Yes",null,282,19,"sheet3",3,"exsht2","yes",{"$nulls":5},"redo",742,"Box 2","V20510",{"$nulls":7},"ST131","ST131"]
[747,358,10,9,22,"No",null,"No","No",null,3,"Yes","No","WOUND",2,"Yes",null,null,"Yes","Yes","Yes","Yes",{"$nulls":7},"Yes",null,3,"No",6,null,"Yes",null,"Yes","Yes","Yes",36,"Yes","Yes","N","Y","N","N","Yes","Yes",null,"Yes","No",346,20,"sheet3",3,"exsht2","yes",{"$nulls":5},"redo",747,"Box 2","V20820",{"$nulls":7},"ST131","ST131"]
[753,188,9,11,23,"No",null,"No","No",null,3,"No","No","URINE",2,"No","No","No","Yes","No","No",null,"No","Yes","No","No","No","No","No","Yes","No",4,"Yes",7,"No","Yes",null,"Yes","Yes","Yes",48,"No","Yes","N","Y","N","N","Yes","Yes",null,"Yes","Yes",183,21,"sheet3",3,"exsht2","yes",{"$nulls":5},"redo",753,"Box 2","X63648",{"$nulls":7},"ST131","ST131"]
[762,312,13,13,36.7,"Yes",null,"No","No",null,1,"No","No","URINE",1,"No","No","No","No","No","No","Yes","No","No","No","No","No","No","No","No","No",0,"Yes",0,"No","No","No","Yes","No","Yes",24,"No","No","N","N","Y","N","No","No",null,"No","No",302,22,"sheet3",3,"exsht2",{"$nulls":6},"redo",762,"Box 2","F31171","40-27",40,27,1,null,"ST131",null,"Non-ST131","ST131"]
[763,278,22,20,36,"Yes",null,"No","Yes",null,3,"Yes","Yes","URINE",1,"Yes",null,"Yes",null,null,"Yes",{"$nulls":10},4,"Yes",7,null,"Yes",null,"Yes","Yes",null,null,"Yes","No","N","N","N","Y","No","Yes",null,"Yes",null,269,23,"sheet3",3,"exsht2","yes",{"$nulls":5},"redo",763,"Box 2","F31741","14-2",14,2,1,null,"Non-ST131",null,"ST131","ST131"]
[764,345,7,7,41,"Yes",null,"Yes","No","Yes",3,"No","No","URINE",2,"Yes","No","No","Yes","Yes",null,"Yes","No","No","No","No","No","No","Yes","No","Yes",4,"Yes",7,"No","No",null,"Yes","Yes","Yes",36,"Yes","Yes","N","Y","Y","N","Yes","Yes",null,"Yes","No",334,24,"batch7",3,"batch7",{"$nulls":6},"redo",764,"Box 2","I41394",{"$nulls":7},"ST131","ST131"]
[774,178,7,7,21,"No",null,"No","No",null,3,"No","No","URINE",2,"No","No","Yes","Yes","No","No",null,"No","Yes","No","No","No","No","No","Yes","No",7,"Yes",11,"No","Yes",null,"No","No","Yes",1,"No","Yes","N","Y","N","Y","Yes","Yes",null,"Yes","No",173,25,null,3,"exsht2","yes",{"$nulls":5},"redo",774,"Box 2","T76301",{"$nulls":7},"ST131","ST131"]
[776,131,3,4,44,"Yes",null,"No","No",null,2,null,"No","URINE",2,"Yes","No",null,"Yes","No","No","No","No","No","No","No","No","Yes","Yes","No","No",0,"Yes",0,"No","Yes",null,"Yes","No","Yes",120,"Yes","Yes","N","Y","N","N","Yes","Yes",null,"No","Yes",127,26,"sheet3",3,"exsht2","yes",{"$nulls":5},"redo",776,"Box 2","F30329","26-5",26,5,1,null,"Non-ST131",null,"ST131","ST131"]
[779,69,4,4,17,"No",null,"No","No",null,2,"No","No","URINE",2,"Yes",null,"No","Yes","No",null,null,"No","No","No","No","No","No","Yes","No","No",5,"Yes",6,"No","Yes","Yes","No","No","No",null,"No","No","N","N","N","Y","No","Yes",null,"No",null,66,27,"sheet3",3,"exsht2","yes",{"$nulls":5},"redo",779,"Box 2","F30460","13-",13,null,1,null,"Non-ST131",null,"ST131","ST131"]
[781,9,6,5,27,"No",null,"Yes","No","Yes",3,"Yes","No","BLOOD",1,"Yes","No","Yes","Yes","No","Yes","No","No","No","No","No","No","No","No","No","No",1,"No",5,"No","Yes",null,"Yes","No","Yes",62,"No","Yes","N","Y","Y","N","Yes","Yes",null,"Yes","Yes",7,28,"sheet3",3,"exsht2","yes",{"$nulls":5},"redo",781,"Box 2","I42181",{"$nulls":7},"ST131","ST131"]
[788,375,0,0,24,"No",null,"No","No",null,3,null,"No","WOUND",2,"No","No","No","Yes","Yes",null,"No","No","No","No","No","No","Yes","No","Yes","No",4,"No",7,"No","Yes",null,"Yes","No","No",null,"Yes","Yes","N","Y","N","N","Yes","Yes",null,"Yes",null,363,29,"sheet3",3,"exsht2","yes",{"$nulls":5},"redo",788,"Box 2","W3006","40-30",40,30,1,"Yes","ST131","ST131","ST131","ST131"]
[789,305,14,12,16,"No",null,"No","No",null,3,null,"No","URINE",1,null,null,"No","No","No",null,"No","No","No","No","No","No","Yes","No","No","No",1,"Yes",3,"Yes","Yes",null,"No","No","Yes",48,"No","Yes","N","Y","N","N","Yes","Yes",null,"Yes","Yes",295,30,"sheet3",3,"exsht2",{"$nulls":6},"redo",789,"Box 2","H65323","40-30",40,30,1,"Yes","ST131","ST131","ST131","ST131"]
[792,287,19,16,33,"Yes",null,"No","Yes",null,2,"No","No","URINE",2,{"$nulls":3},"Yes","Yes",{"$nulls":9},"Yes","Yes",4,"Yes",5,"Yes","Yes",null,"Yes","Yes","Yes",24,"Yes","Yes","N","Y","Y","Y","Yes","Yes",null,"No","No",277,31,"sheet3",3,"exsht2","yes",{"$nulls":5},"redo",792,"Box 2","S16458","19-",19,null,1,null,"Non-ST131",null,"ST131","ST131"]
[794,257,0,0,25.4,"No",null,"No",null,null,1,null,"No","URINE",1,"No","No",null,"No","No",null,"Yes","No","No","No","No","No","No","No","No","No",0,"Yes",0,"No","No","No","Yes",null,"No",null,"Yes","Yes","N","Y","Y","N","Yes","Yes",null,"No",null,250,32,"sheet3",3,"exsht2","yes",{"$nulls":5},"redo",794,"Box 2","I43650",{"$nulls":7},"ST131","ST131"]
[795,311,9,9,44,"Yes",null,"No","No",null,3,null,"No","URINE",1,"Yes",null,"No","Yes","Yes","No","No","No","No","No","No","No","No","No","No","Yes",3,"Yes",6,"No","No","No","No","No","Yes",24,"Yes","Yes","N","Y","N","N","Yes","Yes",null,"Yes","No",301,33,"batch7",3,{"$nulls":7},"redo",795,"Box 2","S15357","40-30",40,30,1,"Yes","ST131","ST131","ST131","ST131"]
[796,124,10,10,19.5,"No",null,"Yes","No","No",2,"Yes","No","URINE",2,"Yes","No","Yes","Yes","No","Yes","Yes","No","No","No","No","Yes","No","No","No","Yes",14,"Yes",16,"No","Yes",null,"Yes","No","Yes",57,"No","Yes","N","Y","Y","N","Yes","Yes",null,"No","Yes",120,34,"sheet3",3,"exsht2","yes",{"$nulls":5},"redo",796,"Box 2","S9751","40-30",40,30,1,"Yes","ST131","ST131","ST131","ST131"]
[797,249,5,5,21,"No",null,"Yes","No","No",1,"No","No","URINE",1,"Yes","No","No","No","No","Yes","No","No","No","No","No","No","No","No","No","No",1,"Yes",1,"No","No","No","Yes","No","Yes",24,"Yes","No","N","N","N","Y","No","No",null,"No","No",242,35,"sheet3",3,"exsht2",{"$nulls":6},"redo",797,"Box 2","F28932","88-145",88,145,1,null,"Non-ST131",null,"Non-ST131","Non-ST131"]
[801,75,2,2,24.2,"No",null,"No","No",null,3,null,"No","URINE",2,"No",null,null,"Yes","Yes","No","No","No","No","No","Yes","No","No","No","No","Yes",3,"Yes",8,"No","Yes",null,"No","No","No",null,"No","Yes","N","Y","N","N","Yes","Yes",null,"Yes",null,71,36,"sheet3",3,"exsht2","yes",{"$nulls":5},"redo",801,"Box 2","X70160","40-30",40,30,1,"Yes","ST131","ST131","ST131","ST131"]
[807,155,0,0,18.6,"No",null,"No","No",null,2,"No","No","URINE",1,"No","No","No","No","No","No","Yes","No","No","No","No","No","No","No","No","No",0,"Yes",1,"No",null,"No","Yes","Yes","Yes",0,"No","Yes","N","Y","Y","N","Yes","Yes",null,"No","No",151,37,"sheet3",3,"exsht2",{"$nulls":6},"redo",807,"Box 2","H75104","11-",11,null,1,null,"Non-ST131",null,"ST131","ST131"]
[810,274,2,1,34,"Yes",null,"No","No",null,2,null,"No","URINE",1,"No","No","No","No","No","Yes","No","No","No","No","No","No","No","No","No","No",1,"Yes",2,"No","No","No","Yes","No","No",null,"Yes","Yes","N","Y","N","N","Yes","Yes",null,"No",null,265,38,"sheet3",3,"exsht2","yes",{"$nulls":5},"redo",810,"Box 2","M56584","40-30",40,30,1,"Yes","ST131","ST131","ST131","ST131"]
[813,16,12,12,26,"No",null,"No","No",null,2,"Yes","No","BLOOD",2,"Yes","No","No","Yes","No","Yes","No","No","No","No","No","No","No","Yes","Yes","No",3,"No",3,"Yes","No","No","Yes","No","Yes",50,"No","Yes","N","Y","Y","N","Yes","Yes",null,"No","Yes",14,39,"sheet3",3,"exsht2","yes",{"$nulls":5},"redo",813,"Box 2","W12378",{"$nulls":7},"ST131","ST131"]
[815,362,1,0,31,"Yes",null,"Yes","No",null,2,null,"No","WOUND",1,"Yes","No","No","No","No",null,"No","No","No","Yes","No","No","No","Yes","No","Yes",2,"No",2,"No","Yes","No","Yes","Yes","No",null,"Yes","Yes","Y","N","N","N","Yes","Yes",null,"No",null,350,40,"sheet3",3,"exsht2","yes",{"$nulls":5},"redo",815,"Box 2","H75416","40-30",40,30,1,"Yes","ST131","ST131","ST131","ST131"]
[820,203,10,10,25.8,"No",null,"No","No",null,3,null,"No","URINE",2,"Yes",null,"Yes","Yes","Yes",null,"No","No","No","No","No","No","No","No","No","No",1,"Yes",6,"No","Yes",null,"Yes","No","Yes",48,"No","Yes","Y","N","N","N","Yes","Yes",null,"Yes","Yes",198,41,"sheet3",3,"exsht2","yes",{"$nulls":5},"redo",820,"Box 2","W15568","40-30",40,30,1,"Yes","ST131","ST131","ST131","ST131"]
[829,60,1,2,32.5,"Yes",null,"No","No",null,2,"No","No","URINE",1,"No","No","No","No","No","No","No","No","No","No","No","No","No","No","No","Yes",4,"Yes",6,"No",null,"No","Yes","Yes","No",null,"No","Yes","N","Y","N","N","Yes","Yes",null,"No",null,57,42,"sheet3",3,"exsht2","yes",{"$nulls":5},"redo",829,"Box 2","H72306","40-30",40,30,1,"Yes","ST131","ST131","ST131","ST131"]
[830,149,4,4,25,"No",null,"No","No",null,2,"No","No","URINE",1,"Yes","No","No","No","No","No","No","No","No","No","No","No","No","No","No","No",2,"Yes",3,"No",null,"No","Yes","No","Yes",48,"No","Yes","N","Y","Y","N","Yes","Yes",null,"No","Yes",145,43,"sheet3",3,"exsht2","yes",{"$nulls":5},"redo",830,"Box 2","H58544","40-30",40,30,1,"Yes","ST131","ST131","ST131","ST131"]
[838,337,3,2,35,"Yes",null,"No","No",null,1,"No",null,"URINE",1,"No","No","No","No","No",null,"No","No","No","No","No","No","No","No","Yes","No",2,"Yes",2,"Yes","No","No","No","No","No",null,"Yes","Yes","N","Y","N","N","Yes","Yes",null,"No",null,327,44,"sheet3",3,"exsht2","yes",{"$nulls":5},"redo",838,"Box 2","W10990",{"$nulls":7},"ST131","ST131"]
[848,291,6,6,29,"No",null,"No","No",null,3,"No","No","URINE",2,"No",null,"No","Yes","Yes",null,"No","No","No","No","No","No","No","No","No","No",1,"Yes",5,"No","Yes",null,"No","No","Yes",0,"No","Yes","N","Y","N","N","Yes","Yes",null,"Yes","No",281,45,"sheet3",3,"exsht2","yes",{"$nulls":5},"redo",848,"Box 2","S23429","40-30",40,30,1,"Yes","ST131","ST131","ST131","ST131"]
[857,341,6,6,27,"No",null,"Yes","No","Yes",2,"No","No","URINE",1,"No","No","No","No","No","No","Yes","No","No","No","No","No","No","No","No","No",1,"Yes",3,"No","No","No","No","Yes","Yes",48,"Yes","Yes","N","Y","N","N","Yes","Yes",null,"No","Yes",330,46,"sheet3",3,"exsht2","yes",{"$nulls":5},"redo",857,"Box 2","I59530","40-30",40,30,1,"Yes","ST131","ST131","ST131","ST131"]
[858,239,0,0,23,"No",null,"No","No",null,2,"No","No","URINE",1,"No",null,"No","No","No","No","No","No","No","No","No","No","No","No","No","No",6,"Yes",7,"No","No","No","No","No","Yes",192,"No","Yes","N","Y","N","N","Yes","Yes",null,"No","Yes",233,47,"sheet3",3,"exsht2","yes",{"$nulls":5},"redo",858,"Box 2","W22996","40-30",40,30,1,"Yes","ST131","ST131","ST131","ST131"]
[863,49,56,24,28,"No",null,"No","Yes",null,2,"Yes","No","SPUTUM",1,"Yes","No","No","Yes","Yes","No","No","No","No","No","No","No","No","No","No","No",3,"No",4,"Yes","Yes","Yes","Yes","Yes","Yes",240,"Yes","Yes","N","Y","N","Y","Yes","Yes",null,"No","Yes",46,48,"sheet3",3,"exsht2","yes",{"$nulls":5},"redo",863,"Box 2","I61646",{"$nulls":7},"ST131","ST131"]
[867,340,9,3,23,"No",null,"No","No",null,3,null,"No","URINE",2,"No","No","No","Yes","Yes",null,"Yes","No","No","No","No","No","No","No","No","No",2,"Yes",5,"No","Yes",null,"Yes","Yes","Yes",36,"Yes","Yes","N","Y","N","N","Yes","Yes",null,"Yes","No",329,49,"sheet3",3,"exsht2","yes",{"$nulls":5},"redo",867,"Box 2","H81962","40-30",40,30,1,"Yes","ST131","ST131","ST131","ST131"]
[869,359,7,4,29,"No","No","No","No",null,2,"Yes","No","FLUID",1,"Yes",null,"Yes","No","No","No","No","No","No","No","Yes","No","No","No","No","No",4,"No",5,"Yes",{"$nulls":3},"Yes","No",null,"Yes","Yes","N","Y","N","N","Yes","Yes",null,"No",null,347,50,"sheet3",3,"exsht2","yes",{"$nulls":5},"redo",869,"Box 2","H83279","40-30",40,30,1,"Yes","ST131","ST131","ST131","ST131"]
[875,99,12,12,38,"Yes",null,"No","No",null,3,"No","No","URINE",2,"No","No","No","Yes","No","Yes","No","No","No","No","No","No","No","No","No","Yes",6,"Yes",10,"No","Yes","No","Yes","No","Yes",113,"Yes","Yes","N","Y","N","N","Yes","Yes",null,"Yes","Yes",95,51,"sheet3",3,"exsht2","yes",{"$nulls":5},"redo",875,"Box 2","M74305","40-30",40,30,1,"Yes","ST131","ST131","ST131","ST131"]
[880,356,7,4,21,"No",null,"Yes","No","No",1,"No","No","TISSUE",1,"Yes","No","No","No","No",null,"No","No","No","No","No","No","No","Yes","No","No",7,"No",7,"No","No","No","Yes","Yes","Yes",0,"Yes","Yes","N","Y","N","N","Yes","Yes","Yes","No","No",344,53,"sheet3",3,"exsht2","yes",919,30,2445,164,2436,null,null,"Box 2","T12060",{"$nulls":4},"Yes",null,"ST131","ST131","ST131"]
[886,122,3,4,19,"No",null,"Yes","No","No",3,null,"No","URINE",1,"Yes","No","No","Yes","Yes","No","No","No","No","No","No","No","Yes","No","No","Yes",6,"Yes",9,"No","Yes","Yes","Yes","No","No",null,"No","Yes","N","Y","Y","N","Yes","No","Yes","Yes",null,118,54,"sheet3",3,"exsht2",null,915,30,2445,164,2436,null,null,"Box 2","I69736",{"$nulls":4},"Yes",null,"ST131","Non-ST131","ST131"]
[888,225,0,0,29,"No",null,"No","No",null,2,"No","No","URINE",1,"No",null,"No","No","No",null,"Yes","No","No","No","No","Yes","No","No","No","No",2,"Yes",3,"No","No","No","No",null,"No",0,"No","Yes","N","Y","Y","Y","Yes","Yes","Yes","No","No",220,55,"sheet3",3,"exsht2","yes",918,30,2445,164,2436,null,null,"Box 2","I75601",{"$nulls":4},"Yes",null,"ST131","ST131","ST131"]
[896,96,11,11,20,"No",null,"No","No",null,2,"No","No","URINE",1,"No",null,"Yes","Yes","Yes","No","Yes","No","No","No","No","No","No","No","No","No",0,"Yes",2,"No","Yes","Yes",null,null,"Yes",99,"No","Yes","N","Y","Y","N","Yes","Yes","Yes","No","Yes",92,56,"sheet3",3,"exsht2","yes",910,30,2445,164,2436,null,null,"Box 2","M68790",{"$nulls":4},"Yes",null,"ST131","ST131","ST131"]
[899,187,11,8,13,"No",null,"No","No",null,3,null,"No","URINE",2,"Yes","No",null,"Yes","Yes","No","No","No","No","No","No","No","No","No","No","Yes",3,"Yes",7,"No","Yes",null,"Yes","Yes","No",null,"No","Yes","Y","N","N","N","Yes","No","No","Yes",null,182,57,"sheet3",3,"exsht2",null,910,27,2445,25,2436,null,null,"Box 2","I83857",{"$nulls":7},"Non-ST131","Non-ST131"]
[900,170,7,7,22,"No",null,"No","No",null,3,null,"No","URINE",2,"Yes","No",null,"Yes","No","No","Yes","No","No","No","No","Yes","No","No","No","No",5,"Yes",9,"No","Yes",null,"No","Yes","Yes",48,"No","Yes","Y","Y","Y","Y","Yes","No","Yes","Yes","Yes",165,58,"sheet3",3,"exsht2",null,918,30,2445,164,2436,null,null,"Box 2","I83406",{"$nulls":4},"Yes",null,"ST131","Non-ST131","ST131"]
[901,127,3,3,33,"Yes",null,"No","No",null,2,null,"No","URINE",1,"Yes","No","No","Yes","No","No","No","No","No","No","No","No","Yes","Yes","Yes","Yes",5,"Yes",6,"No","Yes",null,"No","No","Yes",69,"No","Yes","N","Y","N","N","Yes","Yes","Yes","No","Yes",123,59,"sheet3",3,"exsht2","yes",901,30,2445,164,2436,null,null,"Box 2","I82933",{"$nulls":4},"Yes",null,"ST131","ST131","ST131"]
[904,367,204,127,26,"No",null,"Yes","No",null,2,"No","No","WOUND",1,"Yes","No","No","No","No",null,"No","No","No","No","No","No","No","Yes","No","Yes",1,"No",2,"No","No","No","Yes","Yes","Yes",36,"Yes","No","Y","N","N","Y","Yes","No",null,"No","No",355,60,"sheet3",3,"exsht2",null,121,null,24,12,24,"redo",904,"Box 2","I82435","40-30",40,30,1,"Yes","ST131","ST131","Non-ST131","ST131"]
[907,143,6,3,30,"Yes",null,"No","No",null,2,null,"No","URINE",1,"Yes","No",null,"No","No","No","No","No","No","Yes","No","No","Yes","No","No","No",7,"Yes",8,"No",null,"No","Yes","No","No",null,"Yes","Yes","N","Y","N","N","Yes","Yes","Yes","No",null,139,61,"sheet3",3,"exsht2","yes",921,30,2323,164,2314,null,null,"Box 2","F56751",{"$nulls":4},"Yes",null,"ST131","ST131","ST131"]
[911,53,14,13,36,"Yes",null,"No","No",null,2,null,"No","SPUTUM",1,"No","No",null,"No","No","No","No","No","No","No","No","No","No","No","No","No",4,"No",6,"No","Yes","Yes","No","Yes","Yes",48,"No","Yes","N","Y","N","N","Yes","Yes","No","No","Yes",50,63,"sheet3",3,"exsht2","yes",830,190,2409,248,2400,"redo",911,"Box 2","M80853","40-30",40,30,1,"Yes","ST131","ST131","ST131","ST131"]
[913,5,16,9,18,"No",null,"No","No",null,3,"No","No","BLOOD",1,"Yes","No","No","No","No","No","No","No","No","No","No","No","No","Yes","No","Yes",7,"No",10,"No","Yes","No","Yes","Yes","Yes",65,"No","Yes","N","Y","N","N","Yes","Yes","Yes","Yes","Yes",3,64,"sheet3",3,"exsht2","yes",877,30,2445,164,2436,null,null,"Box 2","W42370",{"$nulls":4},"Yes",null,"ST131","ST131","ST131"]
[974,273,0,0,36,"Yes",null,"Yes","No",null,3,"No","No","URINE",1,"No","No","No","No","No","No","Yes","No","No","No","No","No","No","No","No","No",0,"Yes",3,"No","No","No","Yes","Yes","No",null,"No","No","N","N","Y","N","No","No","Yes","Yes",null,264,66,"sheet3",3,"exsht2",null,913,30,2433,164,2424,null,null,"Box 2","O46427",{"$nulls":4},"Yes",null,"ST131","Non-ST131","ST131"]
[975,256,5,3,27,"No",null,"No","No",null,3,"No","No","URINE",2,"Yes",null,"No","Yes","Yes",null,"Yes","No","No","No","No","No","Yes","No","No","No",2,"Yes",8,"No","Yes",null,"No","No","No",null,"Yes","No","N","N","N","Y","No","Yes",null,"Yes",null,249,1,"sheet 4",4,"sheet3",{"$nulls":6},"redo",975,"Box 2","M7724","40-30",40,30,1,"Yes","ST131","ST131","ST131","ST131"]
[976,20,7,6,24.1,"No",null,"Yes","No","No",3,"No","No","BLOOD",2,"Yes","No","Yes","No","No","No","No","No","Yes","No","No","Yes","No","No","No","Yes",5,"No",7,"Yes","No",null,"Yes","No","Yes",60,"No","Yes","N","Y","N","N","Yes","Yes",null,"Yes","Yes",17,2,"sheet 4",4,"sheet3",{"$nulls":6},"redo",976,"Box 2","W48821","40-30",40,30,1,"Yes","ST131","ST131","ST131","ST131"]
[983,205,5,4,22,"No",null,"No","No",null,3,"No","No","URINE",2,"Yes","No","No","Yes","Yes",null,"No","No","No","No","No","No","No","No","No","No",3,"Yes",7,"No","Yes",null,"Yes","Yes","Yes",48,"No","Yes","N","Y","N","N","Yes","Yes",null,"Yes","Yes",200,3,"sheet 4",4,"sheet3",{"$nulls":6},"redo",983,"Box 2","O55296","40-30",40,30,1,"Yes","ST131","ST131","ST131","ST131"]
[985,68,1,0,18,"No",null,"No","No",null,2,"No","No","URINE",1,"No","No","No","Yes","No","No","Yes","No","No","No","No",null,"No","No","No","No",1,"Yes",3,"No","Yes","No","Yes","No",null,null,"Yes","No","N","N","Y","Y","No","Yes",null,"No",null,65,4,"sheet 4",4,"sheet3",{"$nulls":6},"redo",985,"Box 2","F67867",{"$nulls":7},"ST131","ST131"]
[986,222,4,4,27,"No",null,"No","No",null,3,"No","No","URINE",1,"Yes","No","No","No","No",null,"Yes","Yes","No","No","No","No","No","No","No","Yes",2,"Yes",5,"No","No","No","Yes","Yes","Yes",0,"No","Yes","N","Y","Y","N","Yes","Yes",null,"Yes","No",217,5,"sheet 4",4,"sheet3",{"$nulls":6},"redo",986,"Box 2","W51377","11-",11,null,1,null,"Non-ST131",null,"ST131","ST131"]
[991,327,5,2,23,"No",null,"No","No",null,2,null,"No","URINE",1,"Yes","No","No","No","No",null,"No","No","No","No","No","No","No","Yes","No","Yes",4,"Yes",5,"No","No","No","Yes","No","No",null,"Yes","Yes","N","Y","N","N","Yes","Yes",null,"No",null,317,6,"sheet 4",4,"sheet3",{"$nulls":6},"redo",991,"Box 2","S49370","40-30",40,30,1,"Yes","ST131","ST131","ST131","ST131"]
[994,265,133,90,28,"No",null,"No","No",null,2,null,"No","URINE",1,"Yes",null,"No","Yes","No","Yes","No","No","No","No","No","No","Yes","No","No","No",3,"Yes",3,"No","Yes","Yes","No","No","No",null,"Yes","No","N","N","Y","Y","No","Yes",null,"No",null,256,7,"sheet 4",4,"sheet3",{"$nulls":6},"redo",994,"Box 2","O60306","4-305",4,305,1,null,"Non-ST131",null,"ST131","ST131"]
[996,384,9,9,19,"No",null,"No","No",null,3,"No","No","Cath TIP",2,"Yes","No","No","Yes","No",null,"No","No","No","Yes","No","No","Yes","No","No","Yes",9,"No",11,"No","Yes","Yes","Yes","Yes","Yes",72,"Yes","Yes","N","Y","Y","N","Yes","No",null,"Yes","Yes",372,8,"sheet 4",4,"sheet3",{"$nulls":6},"redo",996,"Box 2","O58763","103-30",103,30,1,"Yes","Non-ST131","ST131","Non-ST131","ST131"]
[997,22,17,17,27,"No",null,"No","No",null,2,"Yes","No","BLOOD",2,"No","No","No","Yes","Yes","Yes","No","No","No","No","No","No","No","No","No","Yes",5,"No",7,"Yes","No",null,"Yes","No","Yes",74,"Yes","Yes","N","Y","N","N","Yes","Yes",null,"No","Yes",19,9,"sheet 4",4,"sheet3",{"$nulls":6},"redo",997,"Box 2","T40842","40-30",40,30,1,"Yes","ST131","ST131","ST131","ST131"]
[998,29,15,1,37,"Yes","Yes","No","Yes","No",2,"No","No","BLOOD",1,"Yes",null,"No","No","Yes","Yes","No","No","No","No","Yes","No","Yes","Yes","No","No",3,"No",3,"No",{"$nulls":4},"No",null,"No","Yes","N","Y","N","N","Yes","Yes",null,"No",null,26,10,"sheet 4",4,"sheet3",{"$nulls":6},"redo",998,"Box 2","T39000",{"$nulls":7},"ST131","ST131"]
[1018,90,1,0,26,"No",null,"Yes","No","No",2,null,"No","URINE",1,"No","No","No","No","No","No","No","No","No","No","No","No","No","No","No","Yes",2,"Yes",3,"No",null,"No","No","No","No",null,"No","Yes","Y","N","N","N","Yes","Yes",null,"No",null,86,11,"sheet 4",4,"sheet3",{"$nulls":6},"redo",1018,"Box 2","T39205","14-2",14,2,1,null,"Non-ST131",null,"ST131","ST131"]
[1024,202,2,2,20,"No",null,"No","No",null,3,"No","No","URINE",2,"No",null,"Yes","Yes","Yes",null,"No","No","No","No","No","No","No","No","No","No",3,"Yes",7,"No","Yes",null,"No","No","No",null,"No","Yes","N","Y","Y","N","Yes","Yes",null,"Yes",null,197,12,"sheet 4",4,"sheet3",{"$nulls":6},"redo",1024,"Box 2","O64234",{"$nulls":7},"ST131","ST131"]
[1025,318,12,12,30,"Yes","No","No",null,null,2,"No",null,"URINE",1,"No",null,"No","No","No",null,"No","No","No","No","No","No","No","No","No","Yes",3,"Yes",5,"Yes","Yes","Yes","No","Yes","Yes",240,"No","Yes","N","Y","Y","N","Yes","No",null,"No","Yes",308,13,"sheet 4",4,"sheet3",{"$nulls":6},"redo",1025,"Box 2","F80063","40-30",40,30,1,"Yes","ST131","ST131","Non-ST131","ST131"]
[1027,277,4,4,33,"Yes",null,"No","No",null,3,"No","No","URINE",1,"Yes",null,"No","No","No","Yes","Yes","Yes","No","No","No","Yes","No","No","No","Yes",2,"Yes",6,"No","No","No","No","No","Yes",48,"No","Yes","N","Y","N","N","Yes","Yes",null,"Yes","Yes",268,14,"sheet 4",4,"sheet3",{"$nulls":6},"redo",1027,"Box 2","S53993","40-30",40,30,1,"Yes","ST131","ST131","ST131","ST131"]
[1029,335,3,3,21,"No",null,"No","No",null,1,"No","No","URINE",1,"No",null,null,"No","No",null,"Yes","Yes","No","No","No","No","No","No","No","No",6,"Yes",6,"No","No","No","No","Yes","Yes",36,"Yes","Yes","N","Y","Y","N","Yes","Yes",null,"No","No",325,15,"sheet 4",4,"sheet3",{"$nulls":6},"redo",1029,"Box 2","O68450",{"$nulls":7},"ST131","ST131"]
[1042,137,0,0,27,"No",null,"No",null,null,2,null,null,"URINE",1,"No","No",null,"No","No","No","No","No","No","No","No","No","No","No","No","No",0,"Yes",1,"No",null,"No","No","No","No",null,"No","Yes","N","Y","Y","N","Yes","Yes",null,"No",null,133,16,"sheet 4",4,"sheet3",{"$nulls":6},"redo",1042,"Box 2","S54629","40-30",40,30,1,"Yes","ST131","ST131","ST131","ST131"]
[1080,284,33,25,46,"Yes",null,"No","Yes",null,2,null,"No","URINE",1,"No","No","No","No","No","No","No","No","No","Yes","No","No","Yes","Yes","No","Yes",6,"Yes",8,"Yes","Yes","Yes","Yes","Yes","Yes",120,"No","Yes","N","Y","N","N","Yes","No",null,"No","Yes",275,17,"sheet 4",4,"sheet3",{"$nulls":6},"redo",1080,"Box 2","H34581","2020-04-02",4,2,1,null,"Non-ST131",null,"Non-ST131","Non-ST131"]
[1081,156,1,0,21,"No",null,"Yes","No","Yes",1,"No","No","URINE",1,"No","No","No","No","No","No","Yes","No","No","No","No","No","No","No","No","No",1,"Yes",1,"No",null,"No","Yes","No","Yes",2,"No","Yes","N","Y","Y","N","Yes","No",null,"No","No",152,18,null,4,"sheet3",{"$nulls":6},"redo",1081,"Box 2","F81008","11-",11,null,1,null,"Non-ST131",null,"Non-ST131","Non-ST131"]
[1086,25,8,8,19,"No",null,"No","No",null,3,"No","No","BLOOD",2,"Yes","No","No","No","No","Yes","Yes","No","Yes","No","No","Yes","No","No","No","No",2,"No",5,"No","Yes",null,"Yes","Yes","Yes",52,"No","Yes","N","Y","N","N","Yes","No",null,"Yes","Yes",22,19,"sheet 4",4,"sheet3",{"$nulls":6},"redo",1086,"Box 2","X21952","40-30",40,30,1,"Yes","ST131","ST131","Non-ST131","ST131"]
[1102,209,1,1,44,"Yes",null,"No","No",null,3,null,"No","URINE",1,"No","No","No","No","No","No","No","No","No","No","No","No","No","No","No","No",0,"Yes",2,"No","No","No","No","No",null,null,"No","No","N","N","N","N","No","No",null,"Yes",null,204,20,"sheet 4",4,"sheet3",{"$nulls":6},"redo",1102,"Box 2","O70479","38-26",38,26,1,null,"Non-ST131",null,"Non-ST131","Non-ST131"]
[1105,377,0,0,22,"No",null,"No","No",null,2,null,"No","TISSUE",2,"No","No","No","Yes","Yes",null,"Yes","Yes","No","No","No","Yes","No","No","No","No",1,"No",3,"No","Yes","Yes","Yes","Yes","Yes",0,"Yes","Yes","N","Y","N","N","Yes","Yes",null,"No","No",365,21,"sheet 4",4,"sheet3",{"$nulls":6},"redo",1105,"Box 2","M79511",{"$nulls":7},"ST131","ST131"]
[1109,316,0,0,33,"Yes",null,"No","No",null,1,"No","No","URINE",1,"No","No","No","No","No","No","No","No","No","No","No","No","No","No","No","No",0,"Yes",0,"No","No","No","No","No","No",null,"No","No","N","N","Y","N","No","No",null,"No",null,306,22,"sheet 4",4,"sheet3",{"$nulls":6},"redo",1109,"Box 2","T52451","38-5",38,5,1,null,"Non-ST131",null,"Non-ST131","Non-ST131"]
[1110,72,1,0,31,"Yes",null,"No","No",null,1,null,"No","URINE",1,"No","No","No","No","No","No","Yes","No","No","No","No","No","No","No","No","No",0,"Yes",0,"No",null,"No","Yes","No","No",null,"No","No","N","N","N","N","No","Yes",null,"No",null,68,23,"sheet 4",4,"sheet3",{"$nulls":6},"redo",1110,"Box 2","F3560","187-95",187,95,1,null,"Non-ST131",null,"ST131","ST131"]
[1115,200,5,5,21,"No",null,"No","No",null,3,"Yes","No","URINE",2,"No","No","No","Yes","Yes",null,"Yes","No","No","No","No","No","No","No","No","No",1,"Yes",3,"No","Yes","Yes","Yes","No","Yes",48,"Yes","Yes","N","Y","Y","N","Yes","Yes",null,"Yes","Yes",195,24,"sheet 4",4,"sheet3",{"$nulls":6},"redo",1115,"Box 2","S58719","40-30",40,30,1,"Yes","ST131","ST131","ST131","ST131"]
[1121,217,4,4,21,"No",null,"No","No",null,3,"No","No","URINE",1,"Yes","No","Yes","Yes","Yes","No","Yes","No","Yes","No","No","No","No","No","No","No",2,"Yes",7,"No","Yes","Yes","Yes","No","Yes",48,"No","Yes","Y","N","Y","N","Yes","Yes",null,"Yes","Yes",212,25,"sheet 4",4,"sheet3",{"$nulls":6},"redo",1121,"Box 2","H40456","40-30",40,30,1,"Yes","ST131","ST131","ST131","ST131"]
[1126,109,15,15,21,"No",null,"Yes","No","No",3,"No","No","URINE",2,"Yes","No","Yes","Yes","Yes","Yes","Yes","No","No","No","No","No","Yes","Yes","No","Yes",6,"Yes",10,"Yes","Yes",null,"Yes","No","Yes",63,"No","Yes","N","Y","N","N","Yes","Yes",null,"Yes","Yes",105,26,"sheet 4",4,"sheet3",{"$nulls":6},"redo",1126,"Box 3","W75329","40-30",40,30,1,"Yes","ST131","ST131","ST131","ST131"]
[1128,283,3,0,32,"Yes",null,"No","No",null,2,"No","No","URINE",2,"No","No","Yes","Yes","Yes","No","No","No","No","No","No","No","No","No","Yes","Yes",6,"Yes",8,"No","Yes","Yes","Yes","No","Yes",2,"Yes","Yes","N","Y","N","N","Yes","Yes",null,"No","No",274,27,"sheet 4",4,"sheet3",{"$nulls":6},"redo",1128,"Box 3","W74173","40-30",40,30,1,"Yes","ST131","ST131","ST131","ST131"]
[1131,86,1,0,60,"Yes",null,"No","No",null,1,null,"No","URINE",1,"Yes","No",null,"No","No","No","No","No","No","Yes","No","No","Yes","No","No","Yes",6,"Yes",6,"No",null,"No","Yes","No","No",null,"Yes","Yes","Y","N","Y","N","Yes","Yes",null,"No",null,82,28,"sheet 4",4,"sheet3",{"$nulls":6},"redo",1131,"Box 3","O88028","2020-04-29",4,29,1,null,"Non-ST131",null,"ST131","ST131"]
[1132,138,4,2,30,"Yes",null,"No","No",null,3,null,"No","URINE",2,"Yes","No",null,"Yes","Yes","No","Yes","No","No","No","No","No","No","No","No","Yes",6,"Yes",10,"No","Yes",null,"No","No","No",null,"No","Yes","Y","N","Y","N","Yes","Yes",null,"Yes",null,134,29,"sheet 4",4,"sheet3",{"$nulls":6},"redo",1132,"Box 3","W78449","26-30",26,30,1,"Yes","Non-ST131","ST131","ST131","ST131"]
[1136,365,15,11,27,"No",null,"No","No",null,2,"Yes","No","FLUID",2,"No","No","No","Yes","Yes","No","Yes","No","No","No","No","No","No","No","Yes","Yes",5,"No",7,"No","Yes","Yes","Yes","Yes","Yes",36,"Yes","Yes","N","Y","N","N","Yes","Yes",null,"No","No",353,30,"sheet 4",4,"sheet3",{"$nulls":6},"redo",1136,"Box 3","X32941","40-30",40,30,1,"Yes","ST131","ST131","ST131","ST131"]
[1139,320,63,27,26,"No",null,"No","Yes",null,2,null,"No","URINE",1,"Yes","No","No","Yes","No","No","No","No","No","No","No","No","Yes","Yes","No","No",0,"Yes",2,"Yes","Yes","No","Yes","Yes","Yes",24,"Yes","Yes","N","Y","Y","N","Yes","Yes",null,"No","No",310,31,null,4,"sheet3",{"$nulls":6},"redo",1139,"Box 3","S65726","103-74",103,74,1,null,"Non-ST131",null,"ST131","ST131"]
[1140,381,9,8,43,"Yes",null,"No","No",null,3,"Yes","No","TISSUE",2,"Yes",null,"No","Yes","Yes","No","No","No","No","No","No","No","No","Yes","No","Yes",2,"No",6,"No","Yes","Yes","No","Yes","Yes",48,"Yes","Yes","N","Y","N","N","Yes","Yes",null,"Yes","Yes",369,32,"sheet 4",4,"sheet3",{"$nulls":6},"redo",1140,"Box 3","F13790",{"$nulls":7},"ST131","ST131"]
[1149,92,4,4,35,"Yes",null,"No","No",null,3,null,"No","URINE",2,"Yes",null,"No","Yes","No",null,"No","No",null,"No","No","No","No","No","No","No",2,"Yes",6,"No","Yes",null,"Yes","Yes","No",null,"Yes","Yes","N","Y","N","N","Yes","Yes",null,"Yes",null,88,33,"sheet 4",4,"sheet3",{"$nulls":6},"redo",1149,"Box 3","S64685",{"$nulls":7},"ST131","ST131"]
[1158,297,7,7,37,"Yes",null,"Yes","No",null,3,"Yes","No","URINE",2,"Yes","No","No","Yes","Yes",null,"Yes","No","No","No","No","No","No","No","No","Yes",4,"Yes",9,"No","Yes","Yes","Yes","Yes","Yes",70,"No","Yes","N","Y","N","N","Yes","No",null,"Yes","Yes",287,34,"sheet 4",4,"sheet3",{"$nulls":6},"redo",1158,"Box 3","R43670","40-30",40,30,1,"Yes","ST131","ST131","Non-ST131","ST131"]
[1171,250,12,12,39,"Yes",null,"No","No",null,3,"Yes","No","URINE",2,"No","Yes","No","Yes","Yes",null,"Yes","No","No","No","No","No","No","No","No","No",1,"Yes",5,"No","Yes","Yes","No","Yes","Yes",24,"No","Yes","N","Y","Y","N","Yes","Yes",null,"Yes","No",243,35,"sheet 4",4,"sheet3",{"$nulls":6},"redo",1171,"Box 3","E22205",-30,null,30,1,"Yes","Non-ST131","ST131","ST131","ST131"]
[1177,383,35,5,27,"No",null,"No","No",null,2,"No","No","Cath TIP",1,"Yes",null,"No","Yes","No","No","No","No","No","Yes","No","No","Yes","Yes","No","No",6,"No",8,"Yes","Yes","Yes","No","Yes","No",null,"Yes","Yes","N","Y","Y","N","Yes","Yes",null,"No",null,371,36,"batch7",4,{"$nulls":7},"redo",1177,"Box 3","R44328","40-30",40,30,1,"Yes","ST131","ST131","ST131","ST131"]
[1189,30,6,6,24,"No",null,"Yes","No","No",3,"No","No","BLOOD",2,"No","No","No","Yes","Yes","No","Yes","No","No","No","No","No","No","No","No","Yes",7,"No",12,"No","Yes",null,"Yes","No","No",null,"No","Yes","N","Y","N","N","Yes","Yes",null,"Yes",null,27,37,"sheet 4",4,"sheet3",{"$nulls":6},"redo",1189,"Box 3","T61680","40-30",40,30,1,"Yes","ST131","ST131","ST131","ST131"]
[1192,353,22,12,17,"No",null,"No","No",null,3,"No","No","TISSUE",2,"Yes","No","No","Yes","Yes","No","No","No","No","No","No","No","Yes","Yes","No","Yes",4,"No",7,"No","Yes","Yes","Yes","Yes","Yes",48,"Yes","Yes","N","Y","Y","N","Yes","Yes",null,"Yes","Yes",341,38,"sheet 4",4,"sheet3",{"$nulls":6},"redo",1192,"Box 3","M36705","2020-04-27",4,27,1,null,"Non-ST131",null,"ST131","ST131"]
[1195,6,17,17,25,"No",null,"No","No",null,3,"No","No","BLOOD",2,"Yes","No","No","Yes","Yes","Yes","Yes","No","No","No","No","No","No","No","No","No",2,"No",7,"No","Yes",{"$nulls":3},"Yes",73,"No","Yes","N","Y","Y","N","Yes","Yes",null,"Yes","Yes",4,39,"sheet 4",4,"sheet3",{"$nulls":6},"redo",1195,"Box 3","R41798",-30,null,30,1,"Yes","Non-ST131","ST131","ST131","ST131"]
[1197,368,4,2,18,"No",null,"No","No",null,3,null,"No","WOUND",2,"Yes","No","No","Yes","Yes",null,"No","No","No","No","No","No","No","No","Yes","No",3,"No",7,"No","Yes","Yes","Yes","Yes","No",null,"Yes","Yes","Y","N","N","N","Yes","Yes",null,"Yes",null,356,40,null,4,"sheet3",{"$nulls":6},"redo",1197,"Box 3","R49039",-30,null,30,1,"Yes","Non-ST131","ST131","ST131","ST131"]
[1201,224,14,14,39,"Yes",null,null,"No",null,3,"No","No","URINE",2,"Yes","No","Yes","Yes","Yes",null,"Yes","No","No","No","No","No","Yes","No","No","No",3,"Yes",7,"No","Yes","Yes","Yes","Yes","Yes",48,"No","Yes","Y","N","N","N","Yes","No",null,"Yes","Yes",219,41,"sheet 4",4,"sheet3",{"$nulls":6},"redo",1201,"Box 3","E27242",-30,null,30,1,"Yes","Non-ST131","ST131","Non-ST131","ST131"]
[1202,333,15,15,39,"Yes",null,"Yes","No",null,3,"No","No","URINE",2,"Yes",null,"No","Yes","Yes",null,"Yes","No","Yes","No","No","No","No","No","No","Yes",3,"Yes",7,"No","Yes","Yes","Yes","No","Yes",36,"Yes","Yes","Y","N","N","N","Yes","Yes",null,"Yes","No",323,42,"sheet 4",4,"sheet3",{"$nulls":6},"redo",1202,"Box 3","W81249","40-30",40,30,1,"Yes","ST131","ST131","ST131","ST131"]
[1205,48,6,6,19,"No",null,"No","No",null,3,"Yes","No","SPUTUM",2,"Yes","Yes","Yes","Yes","Yes","No",null,"No","No","No","No","No","No","No","Yes","No",4,"No",7,"Yes","Yes","Yes","No","No","No",null,"Yes","Yes","N","Y","N","N","Yes","Yes",null,"Yes",null,45,43,"sheet 4",4,"sheet3",{"$nulls":6},"redo",1205,"Box 3","R49158","40-30",40,30,1,"Yes","ST131","ST131","ST131","ST131"]
[1211,35,30,8,25,"No",null,"No","Yes",null,3,null,"No","SPUTUM",{"$nulls":18},"No",{"$nulls":6},"Yes",135,"Yes","Yes","N","Y","N","N","Yes","Yes",null,"Yes","Yes",32,44,"sheet 4",4,"sheet3",{"$nulls":6},"redo",1211,"Box 3","R53074","40-27",40,27,1,null,"ST131",null,"ST131","ST131"]
[1212,89,24,9,36,"Yes",null,"Yes","Yes",null,3,null,"No","URINE",1,"Yes",null,"No",null,"No","No","No","No","No","No","No","No","No","No","No","No",2,"Yes",6,"Yes",null,"No","Yes","Yes","No",null,"Yes","Yes","N","Y","Y","N","Yes","Yes",null,"Yes",null,85,45,"batch7",4,{"$nulls":7},"redo",1212,"Box 3","R56789","40-30",40,30,1,"Yes","ST131","ST131","ST131","ST131"]
[1213,304,0,0,31,"Yes",null,"No","No",null,2,null,"No","URINE",1,"Yes","No","No","Yes","No","Yes","No","No","No","No","No","No","No","No","No","No",7,"Yes",7,"No","Yes","No","Yes","No","No",null,"Yes","Yes","N","Y","Y","N","Yes","Yes",null,"No",null,294,46,"sheet 4",4,"sheet3",{"$nulls":6},"redo",1213,"Box 3","T68424",-30,null,30,1,"Yes","Non-ST131","ST131","ST131","ST131"]
[1214,280,5,5,27,"No",null,"No","No",null,3,"No","No","URINE",1,"Yes","No","No","Yes","Yes","Yes","Yes","No","Yes","No","No","No","No","No","No","Yes",5,"Yes",9,"No","Yes","No","No","Yes","Yes",120,"No","Yes","N","Y","N","N","Yes","Yes",null,"Yes","Yes",271,47,"sheet 4",4,"sheet3",{"$nulls":6},"redo",1214,"Box 3","R56806",-30,null,30,1,"Yes","Non-ST131","ST131","ST131","ST131"]
[1217,171,2,2,24,"No",null,"No","No",null,3,null,"No","URINE",2,"Yes","Yes",null,"Yes","No","No","Yes","No","Yes","No","No","Yes","No","Yes","Yes","Yes",9,"Yes",13,"No","Yes",null,"Yes","Yes","No",null,"No","Yes","N","Y","Y","N","Yes","No",null,"Yes",null,166,48,"batch7",4,{"$nulls":7},"redo",1217,"Box 3","H57375","2020-04-30",4,30,1,"Yes","Non-ST131","ST131","Non-ST131","ST131"]
[1218,26,4,4,32,"Yes",null,"No","No",null,1,"No","No","BLOOD",1,"No","No","No","No","No","No","Yes","No","Yes","No","No","Yes","No","No","No","No",0,"No",0,"No","No","No","No","No","Yes",55,"No","No","N","N","N","Y","No","No",null,"No","Yes",23,49,"sheet 4",4,"sheet3",{"$nulls":6},"redo",1218,"Box 3","H58491","40-30",40,30,1,"Yes","ST131","ST131","Non-ST131","ST131"]
[1223,308,21,12,21,"No",null,"No","No",null,2,"No","No","URINE",2,"Yes","Yes","No","Yes","Yes",null,"Yes","No","No","No","No","No","Yes","No","No","No",2,"Yes",4,"No","Yes","Yes","Yes","Yes","Yes",63,"No","Yes","N","Y","Y","N","Yes","Yes",null,"No","Yes",298,50,"sheet 4",4,"sheet3",{"$nulls":6},"redo",1223,"Box 3","R54474","40-30",40,30,1,"Yes","ST131","ST131","ST131","ST131"]
[1224,260,23,20,26,"No",null,"No","No",null,2,"Yes","No","URINE",null,"Yes","No","Yes","Yes","Yes","No","No","No","No","No","No","No","No","No","No","No",0,"Yes",0,"No","Yes","Yes","No","Yes","Yes",40,"No","Yes","N","Y","N","N","Yes","Yes",null,"No","No",253,51,"sheet 4",4,"sheet3",{"$nulls":6},"redo",1224,"Box 3","E28409","40-30",40,30,1,"Yes","ST131","ST131","ST131","ST131"]
[1226,214,55,26,20,"No",null,"No","No",null,3,"No","No","URINE",null,"No","No","No","No","Yes",null,"No","No","Yes","No","No","No","Yes","No","No","Yes",4,"Yes",7,"No","Yes","Yes","Yes","Yes","Yes",144,"Yes","Yes","Y","N","Y","Y","Yes","Yes",null,"Yes","Yes",209,52,"sheet 4",4,"sheet3",{"$nulls":6},"redo",1226,"Box 3","X39922","1958-04-01",4,58,1,null,"Non-ST131",null,"ST131","ST131"]
[1227,215,0,0,23,"No",null,"No","No",null,1,null,"No","URINE",1,"No","No","No","No","No","No","No","No","No","No","No","No","No","No","No","No",1,"Yes",1,"No","No","No","No","No","No",null,"No","Yes","Y","N","Y","Y","Yes","No",null,"No",null,210,53,null,4,"sheet3",{"$nulls":6},"redo",1227,"Box 3","R60632","26-65",26,65,1,null,"Non-ST131",null,"Non-ST131","Non-ST131"]
[1229,123,4,2,26,"No",null,"No","No",null,2,"No","No","URINE",2,"No","No","No","No","No","Yes","Yes","No","Yes","No","No","No","Yes","No","No","Yes",9,"Yes",11,"No","Yes",null,"No","No","Yes",9,"Yes","Yes","N","Y","Y","Y","Yes","Yes",null,"No","No",119,54,"sheet 4",4,"sheet3",{"$nulls":6},"redo",1229,"Box 3","X40271","40-30",40,30,1,"Yes","ST131","ST131","ST131","ST131"]
[1232,172,19,19,33,"Yes",null,"No","No",null,3,"No","No","URINE",2,"Yes","No","No","Yes","Yes","No","Yes","No","No","No","No","No","No","No","No","Yes",3,"Yes",5,"No","Yes",null,"No","Yes","Yes",48,"No","Yes","N","Y","N","Y","Yes","Yes",null,"Yes","Yes",167,55,"batch7",4,"sheet3",{"$nulls":6},"redo",1232,"Box 3","X41523","40-30",40,30,1,"Yes","ST131","ST131","ST131","ST131"]
[1233,10,21,6,32,"Yes",null,"No","No",null,3,"No","No","BLOOD",1,"No","No","No","No","No","No","No","No","No","No","No","No","Yes","No","No","Yes",3,"No",6,"No","No","No","No","No",{"$nulls":3},"Yes","Y","N","Y","Y","Yes","Yes",null,"Yes",null,8,56,"sheet 4",4,"sheet3",{"$nulls":6},"redo",1233,"Box 3","F32015","40-30",40,30,1,"Yes","ST131","ST131","ST131","ST131"]
[1234,28,7,7,34,"Yes",null,"No","No",null,2,"No","No","BLOOD",2,"Yes","No","No","Yes","Yes","Yes","Yes","No","No","No","No","No","No","No","No","Yes",5,"No",7,"No","Yes",null,"Yes","No","Yes",85,"No","Yes","N","Y","N","Y","Yes","Yes",null,"No","Yes",25,57,"sheet 4",4,"sheet3",{"$nulls":6},"redo",1234,"Box 3","R65319","40-30",40,30,1,"Yes","ST131","ST131","ST131","ST131"]
[1235,135,1,0,20,"No",null,"No","No",null,3,null,"No","URINE",1,"Yes",null,null,"Yes","No","No","Yes","No","No","No",null,"Yes","Yes","Yes","No","No",8,"Yes",11,"No","Yes",{"$nulls":3},"No",null,"No","Yes","Y","N","Y","Y","Yes","Yes",null,"Yes",null,131,58,"sheet 4",4,"sheet3",{"$nulls":6},"redo",1235,"Box 3","F28953",-30,null,30,1,"Yes","Non-ST131","ST131","ST131","ST131"]
[1236,132,18,16,22,"No",null,"No","No",null,3,null,"No","URINE",2,"Yes",null,"Yes","Yes","Yes","No","No","No","No","No","Yes","No","No","No","No","No",3,"Yes",7,"No",{"$nulls":4},"No",null,"No","Yes","N","Y","Y","Y","Yes","Yes",null,"Yes",null,128,59,"sheet 4",4,"sheet3",{"$nulls":6},"redo",1236,"Box 3","S80081","40-30",40,30,1,"Yes","ST131","ST131","ST131","ST131"]
[1241,163,5,5,23,"No",null,"No","No",null,3,null,"No","URINE",1,"No","No",null,"Yes","No","No",null,"No","Yes","No","No","No","No","No","Yes","No",3,"Yes",5,"No","Yes","No","Yes","Yes","No",null,"No","Yes","N","Y","Y","Y","Yes","Yes",null,"Yes",null,158,60,"batch7",4,{"$nulls":7},"redo",1241,"Box 3","H65834","40-30",40,30,1,"Yes","ST131","ST131","ST131","ST131"]
[1249,314,5,3,38,"Yes",null,"Yes","No","No",3,null,"No","URINE",2,"No","No","No","Yes","No",null,"No","No","No","No","No","No","No","No","No","No",5,"Yes",8,"No","Yes","Yes","Yes","No","No",null,"Yes","Yes","N","Y","N","N","Yes","No",null,"Yes",null,304,61,"sheet 4",4,"sheet3",{"$nulls":6},"redo",1249,"Box 3","S80479","40-30",40,30,1,"Yes","ST131","ST131","Non-ST131","ST131"]
[1251,64,4,1,27,"No",null,"No","No",null,3,null,"No","URINE",1,"No","No","No","Yes","No","No","No","No","No","No","No","No","No","No","No","Yes",3,"Yes",6,"No","Yes","No","No","No","No",null,"No","Yes","N","Y","N","N","Yes","Yes",null,"Yes",null,61,62,"batch7",4,"batch7",{"$nulls":6},"redo",1251,"Box 3","M55967","40-30",40,30,1,"Yes","ST131","ST131","ST131","ST131"]
[1252,194,12,12,57,"Yes",null,"No","No",null,3,"No","No","URINE",2,"Yes","No","No","No","No","No","No","No","No","No","No","No","No","No","No","Yes",2,"Yes",4,"No","Yes","Yes","Yes","No","Yes",120,"No","Yes","N","Y","Y","N","Yes","Yes",null,"Yes","Yes",189,63,"sheet 4",4,"sheet3",{"$nulls":6},"redo",1252,"Box 3","M56716","40-30",40,30,1,"Yes","ST131","ST131","ST131","ST131"]
[1263,118,9,9,26,"No",null,"No","No",null,3,null,"No","URINE",2,"No","No","Yes","Yes","Yes","Yes","Yes","No","No","No","No","No","Yes","Yes","No","Yes",8,"Yes",12,"No","Yes",null,"No","Yes","No",null,"No","Yes","N","Y","N","N","Yes","Yes",null,"Yes",null,114,64,"sheet 4",4,"sheet3",{"$nulls":6},"redo",1263,"Box 3","T86925","40-30",40,30,1,"Yes","ST131","ST131","ST131","ST131"]
[1268,206,0,0,21,"No",null,"No","No",null,3,null,"No","URINE",1,"Yes",null,"Yes","Yes","Yes","No","No","No","Yes","No","Yes","No","No","No","No","No",6,"Yes",10,"No",{"$nulls":3},"No","Yes",0,"No","Yes","Y","N","Y","N","Yes","Yes",null,"Yes","No",201,65,"sheet 4",4,"sheet3",{"$nulls":6},"redo",1268,"Box 3","M55192","40-30",40,30,1,"Yes","ST131","ST131","ST131","ST131"]
[1273,331,3,3,29,"No",null,"No","No",null,3,"No","No","URINE",2,"No",null,"No","Yes","Yes",null,"Yes","No","No","No","No","No","No","No","No","No",1,"Yes",6,"No","Yes","Yes",null,"No",null,null,"No","Yes","Y","N","Y","N","Yes","No","No","Yes",null,321,1,"EXSHT4",5,"exsht3",null,487,199,327,53,327,"redo",1273,"Box 3","T84353","40-24",40,24,1,"No","Non-ST131","Non-ST131","Non-ST131","Non-ST131"]
[1275,369,9,6,28,"No",null,"No","No",null,3,"No","No","WOUND",2,"Yes",null,"No","Yes","Yes",null,"Yes","No","No","No","No","No","No","No","No","Yes",4,"No",8,"No","Yes","Yes","No","No","Yes",24,"Yes","Yes","Y","Y","Y","N","Yes","No","No","Yes","No",357,2,"EXSHT4",5,"exsht3",null,715,321,200,36,200,"redo",1275,"Box 3","H73545","40-30",40,30,1,"Yes","ST131","ST131","Non-ST131","ST131"]
[1285,115,11,11,26,"No",null,"No","No",null,3,null,"No","URINE",2,"No","No","Yes","Yes","Yes","Yes","Yes","No","No","No","No","No","No","No","No","No",1,"Yes",5,"No","Yes",null,"No","No","Yes",64,"No","Yes","Y","N","Y","N","Yes","Yes",null,"Yes","Yes",111,3,"EXSHT4",5,"exsht3",null,5,null,0,1,0,"redo",1285,"Box 3","H75208",-30,null,30,1,"Yes","Non-ST131","ST131","ST131","ST131"]
[1286,231,0,0,32,"Yes",null,"Yes",null,null,2,null,"No","URINE",1,"No","No","No","No","No",null,"No","No","No","No","No","No","No","No","No","Yes",3,"Yes",4,"No","No","No","Yes","Yes","Yes",48,"No","Yes","Y","Y","Y","N","Yes","Yes",null,"No","Yes",225,4,"EXSHT4",5,"exsht3",null,5,null,0,1,0,"redo",1286,"Box 3","R75681","40-30",40,30,1,"Yes","ST131","ST131","ST131","ST131"]
[1294,105,25,25,22,"No",null,"No","No",null,3,null,"No","URINE",2,"No","No","Yes","Yes","No","Yes","No","No","No","No","No","No","No","No","No","No",7,"Yes",11,"No","Yes",null,"No","Yes","No",null,"No","Yes","N","Y","N","N","Yes","Yes","No","Yes",null,101,6,"EXSHT4",5,"exsht3",null,828,165,2277,331,2277,"redo",1294,"Box 3","W5642",-30,null,30,1,"Yes","Non-ST131","ST131","ST131","ST131"]
[1295,294,4,4,26,"No",null,"No","No",null,3,"No","No","URINE",2,"Yes",null,"No","Yes","Yes",null,"No","No","No","No","No","No","No","No","Yes","No",4,"Yes",8,"No","Yes","Yes","No","Yes","Yes",34,"Yes","Yes","N","Y","N","N","Yes","Yes","No","Yes","No",284,7,"EXSHT4",5,"exsht3",null,779,165,1358,331,1358,"redo",1295,"Box 3","T7032",-30,null,30,1,"Yes","Non-ST131","ST131","ST131","ST131"]
[1299,211,2,2,28,"No",null,"No","No",null,3,null,"No","URINE",1,"No",null,"No","Yes","Yes",null,"No","No","No","No","No","No","No","No","No","Yes",2,"Yes",5,"No","Yes","No","No","No","Yes",48,"No","Yes","N","Y","Y","N","Yes","Yes","Yes","Yes","Yes",206,8,"EXSHT4",5,"exsht3",null,776,30,2385,164,2376,"redo",1299,"Box 3","V42283","40-30",40,30,1,"Yes","ST131","ST131","ST131","ST131"]
[1302,295,5,4,24,"No",null,"No","No",null,3,"No","No","URINE",2,"Yes",null,"Yes","Yes","Yes",null,"No","No","No","No","No","No","No","No","No","No",7,"Yes",11,"No","Yes","Yes","No","No","Yes",96,"No","Yes","N","Y","N","N","Yes","No",null,"Yes","Yes",285,9,"EXSHT4",5,"exsht3",null,5,null,0,1,0,"redo",1302,"Box 3","T4469","106-30",106,30,1,"Yes","Non-ST131","ST131","Non-ST131","ST131"]
[1304,221,0,0,27,"No",null,"No","No",null,1,"No","No","URINE",1,"Yes","No","No","Yes","No",null,"Yes","No","Yes","No","No","No","No","No","Yes","No",2,"Yes",2,"No","Yes","No","Yes","No","No",null,"No","Yes","N","Y","N","N","Yes","Yes","No","No",null,216,10,"EXSHT4",5,"exsht3",null,442,137,875,36,875,"redo",1304,"Box 3","T3611","40-30",40,30,1,"Yes","ST131","ST131","ST131","ST131"]
[1308,310,2,2,25,"No",null,"No","No",null,3,"No","No","URINE",2,"No",null,"No","Yes","Yes",null,"No","No","No","No","No","No","No","No","No","Yes",2,"Yes",7,"No","Yes","Yes","No","No","No",null,"Yes","Yes","N","Y","N","Y","Yes","Yes","No","Yes",null,300,11,"EXSHT4",5,"exsht3",null,917,165,2224,329,2224,null,null,"Box 3","W25951",{"$nulls":7},"ST131","ST131"]
[1311,237,0,0,30,"No",null,"No","No",null,3,"No","No","URINE",2,"Yes","No","No","Yes","Yes",null,"Yes","Yes","No","No","No","No","No","No","No","No",3,"Yes",8,"No","Yes","Yes","No","No","Yes",0,"Yes","Yes","N","Y","N","N","Yes","Yes",null,"Yes","No",231,12,"EXSHT4",5,"exsht3",null,215,null,253,137,253,"redo",1311,"Box 3","X55626","40-30",40,30,1,"Yes","ST131","ST131","ST131","ST131"]
[1312,130,6,6,21,"No",null,"No","No",null,3,"No","No","URINE",2,"No",null,"No","Yes","Yes",null,"No","No","No","No","No","No","No","No","No","No",3,"Yes",5,"No","No",null,"No","No","Yes",72,"No","Yes","N","Y","N","N","Yes","Yes",null,"Yes","Yes",126,13,"batch7",5,"batch7",null,5,null,0,1,0,"redo",1312,"Box 3","V46920","40-30",40,30,1,"Yes","ST131","ST131","ST131","ST131"]
[1321,232,2,1,26,"No",null,"No","No",null,3,"No","No","URINE",2,"No",null,"No","Yes","Yes",null,"No","No","No","No","No","No","No","No","No","Yes",3,"Yes",8,"No","Yes","Yes","No","No","No",null,"No","Yes","Y","Y","N","N","Yes","Yes",null,"Yes",null,226,14,"batch7",5,"batch7",null,5,null,0,1,0,"redo",1321,"Box 3","S9261","40-27",40,27,1,null,"ST131",null,"ST131","ST131"]
[1323,182,3,7,36,"Yes",null,"No","No",null,3,null,"No","URINE",2,"Yes","No",null,"Yes","Yes","No","Yes","No","No","No","No","No","No","No","No","Yes",6,"Yes",8,"No","Yes",null,"No","No","Yes",2,"Yes","Yes","N","Y","Y","N","Yes","No",null,"Yes","No",177,15,"EXSHT4",5,"exsht3",null,5,null,0,1,0,"redo",1323,"Box 3","F48970","40-30",40,30,1,"Yes","ST131","ST131","Non-ST131","ST131"]
[1338,329,26,13,26,"No",null,"No","No",null,2,"No","No","URINE",2,"No","No","No","Yes","Yes",null,"Yes","Yes","Yes","No","No","No","No","No","Yes","No",4,"Yes",6,"No","Yes","Yes","Yes","Yes","Yes",192,"Yes","Yes","N","Y","Y","N","Yes","Yes",null,"No","Yes",319,16,"EXSHT4",5,"exsht3",null,5,null,0,1,0,"redo",1338,"Box 3","V45202","40-30",40,30,1,"Yes","ST131","ST131","ST131","ST131"]
[1342,208,8,8,24,"No",null,"No","No",null,3,"No","No","URINE",1,"Yes",null,"No","Yes","No",null,"No","No","No","No","No","No","No","No","No","No",3,"Yes",7,"No","Yes","No","No","No","No",null,"No","Yes","N","Y","N","N","Yes","Yes",null,"Yes",null,203,17,"EXSHT4",5,"exsht3",null,5,null,0,1,0,"redo",1342,"Box 3","H86175","40-30",40,30,1,"Yes","ST131","ST131","ST131","ST131"]
[1349,103,6,6,26,"No","No","No","No",null,3,"Yes","No","URINE",2,"No",null,"No","Yes","Yes","Yes",null,"No","No","No","No","No","No","No","No","No",5,"Yes",10,"No","Yes","No","Yes","No","Yes",67,"Yes","Yes","N","Y","Y","N","Yes","No",null,"Yes","Yes",99,18,"EXSHT4",5,"exsht3",null,148,null,0,1,0,"redo",1349,"Box 3","F47023","40-30",40,30,1,"Yes","ST131","ST131","Non-ST131","ST131"]
[1350,62,23,18,25,"No",null,"No","Yes",null,3,null,"No","URINE",1,"Yes","Yes","Yes","Yes","No","No","No","No","No","No","No","No","No","No","No","No",3,"Yes",6,"Yes","Yes","No","No","No","Yes",48,"No","Yes","Y","N","Y","N","Yes","Yes",null,"Yes","Yes",59,19,"EXSHT4",5,"exsht3",null,5,null,0,1,0,"redo",1350,"Box 3","X55747","37-27",37,27,1,null,"Non-ST131",null,"ST131","ST131"]
[1358,192,3,2,34,"Yes",null,"No",null,null,2,null,null,"URINE",1,"No","No",null,"Yes","Yes","No","No","No","No","No","No","No","No","No","No","Yes",1,"Yes",3,"No","Yes","No","No","No","No",null,"No","Yes","N","Y","Y","N","Yes","Yes","No","No",null,187,20,"EXSHT4",5,"exsht3",null,733,165,1858,331,1858,"redo",1358,"Box 3","S8332","40-30",40,30,1,"Yes","ST131","ST131","ST131","ST131"]
[1359,336,24,12,18,"No",null,"No","Yes",null,3,"No","No","URINE",2,"Yes",null,"Yes","Yes","Yes",null,"No","No","No","No","Yes","No","No","Yes","No","Yes",5,"Yes",9,"Yes",null,null,"No","Yes","Yes",144,"Yes","Yes","N","Y","N","N","Yes","Yes","No","Yes","Yes",326,21,"EXSHT4",5,"exsht3",null,575,165,2290,214,2290,"redo",1359,"Box 3","M71650",-30,null,30,1,"Yes","Non-ST131","ST131","ST131","ST131"]
[1360,136,7,1,45,"Yes",null,"No","Yes",null,2,null,"No","URINE",1,"Yes","No",null,"No","No","No","No","No","No","No","No","No","No","No","No","No",1,"Yes",2,"Yes",null,"No","Yes","No","No",null,"No","Yes","Y","N","Y","N","Yes","Yes",null,"No",null,132,22,"EXSHT4",5,"exsht3",null,376,null,969,36,969,"redo",1360,"Box 3","V49386","88-",88,null,1,null,"Non-ST131",null,"ST131","ST131"]
[1368,84,12,11,26,"No",null,"Yes","No",null,3,"Yes","No","URINE",2,"No","No","No","Yes","Yes",null,"No","Yes","Yes","No","No","No","No","No","No","No",3,"Yes",7,"No","Yes",null,"Yes","Yes","Yes",109,"No","No","N","N","N","N","No","Yes",null,"Yes","Yes",80,23,"EXSHT4",5,"exsht3",null,5,null,0,1,0,"redo",1368,"Box 3","W30835",{"$nulls":7},"ST131","ST131"]
[1374,104,4,5,23,"No","No","No","No",null,3,"No","No","URINE",2,"Yes",null,"No","Yes","Yes","Yes",null,"No","No","No","Yes","No","No","No","No","Yes",10,"Yes",13,"No",{"$nulls":4},"Yes",70,"No","Yes","Y","Y","N","N","Yes","Yes",null,"Yes","Yes",100,24,"EXSHT4",5,"exsht3",null,5,null,0,1,0,"redo",1374,"Box 3","V52245","37-29",37,29,1,null,"Non-ST131",null,"ST131","ST131"]
[1376,18,28,22,22,"Yes",null,"No","No",null,3,"Yes","No","BLOOD",2,"No","No","No","No","No","No","No","No","No","No","No","No","Yes","Yes","No","No",5,"No",9,"Yes","No","No","Yes","No",{"$nulls":3},"Yes","N","Y","N","N","Yes","Yes",null,"Yes",null,16,25,"batch7",5,"exsht3",null,5,null,0,1,0,"redo",1376,"Box 3","H5438","40-30",40,30,1,"Yes","ST131","ST131","ST131","ST131"]
[1378,153,7,7,33,"Yes",null,"Yes","No",null,3,"No","No","URINE",2,"No","No","No","Yes","No","No","Yes","No","Yes","No","No","No","No","No","No","Yes",4,"Yes",7,"No","Yes",null,"Yes","No","Yes",48,"No","Yes","Y","N","N","N","Yes","No","No","Yes","Yes",149,26,"batch7",5,"exsht3",null,911,27,2445,25,2536,null,null,"Box 3","F53139",{"$nulls":7},"Non-ST131","Non-ST131"]
[1392,296,8,8,33.2,"Yes",null,"No","No",null,3,null,"No","URINE",2,"Yes","Yes","No","Yes","Yes",null,"No","No","No","No","No","No","No","No","Yes","Yes",7,"Yes",11,"No","Yes","Yes","No","No","Yes",51,"Yes","Yes","N","Y","N","N","Yes","Yes",null,"Yes","Yes",286,28,"EXSHT4",5,"exsht3",null,5,null,0,1,0,"redo",1392,"Box 3","X65774",-30,null,30,1,"Yes","Non-ST131","ST131","ST131","ST131"]
[1400,189,14,11,25,"No",null,"Yes","No","No",2,"No","No","URINE",1,"Yes","No","No","Yes","No","No",null,"No","No","No","No","No","No","No","No","Yes",2,"Yes",2,"No","Yes","Yes","Yes","No","Yes",72,"Yes","No","N","N","Y","N","No","Yes",null,"No","Yes",184,29,"EXSHT4",5,"exsht3",null,11,null,2385,30,2376,"redo",1400,"Box 3","V42787",{"$nulls":7},"ST131","ST131"]
[1413,148,5,6,28,"No",null,"No","No",null,3,"No","No","URINE",2,"Yes","No","No","Yes","No","No","No","No","No","No","No","No","No","No","No","No",0,"Yes",2,"No","Yes",null,"Yes","No","No",null,"No","Yes","N","Y","N","Y","Yes","Yes",null,"Yes",null,144,30,"EXSHT4",5,"exsht3",null,5,null,0,1,0,"redo",1413,"Box 3","V40081","1954-11-01",11,54,1,null,"Non-ST131",null,"ST131","ST131"]
[1425,87,4,3,26.9,"No",null,"No","No",null,3,null,"No","URINE",2,"Yes","No","No","Yes","No","No","Yes","No","No","No","No","No","No","No",null,"Yes",2,"Yes",5,"No","Yes",null,"Yes","Yes","No",null,"Yes","Yes","N","Y","Y","N","Yes","Yes",null,"Yes",null,83,31,"EXSHT4",5,"exsht3",null,5,null,0,1,0,"redo",1425,"Box 3","S4626","40-30",40,30,1,"Yes","ST131","ST131","ST131","ST131"]
[1435,164,14,5,24,"No",null,"No","No",null,3,"No","No","URINE",2,"No","No","No","No","No","Yes","No","No","No","No","No","No","No","No","No","No",0,"Yes",2,"No","Yes",null,"No","No","Yes",72,"Yes","No","N","N","Y","Y","No","Yes","No","Yes","Yes",159,32,"EXSHT4",5,"exsht3",null,413,321,628,36,628,"redo",1435,"Box 3","T21813","14-54",14,54,1,"No","Non-ST131","Non-ST131","ST131","ST131"]
[1454,348,8,8,18,"No",null,"No","No",null,2,"No","No","TISSUE",2,"Yes",null,"No","Yes","Yes",null,"No","No","No","No","No","No","Yes","Yes","No","Yes",3,"No",4,"Yes","Yes","Yes","No","Yes","Yes",120,"Yes","Yes","N","Y","N","N","Yes","Yes",null,"No","Yes",337,33,"EXSHT4",5,"batch7","yes",121,null,141,99,141,"redo",1454,"Box 3","T17914","40-30",40,30,1,"Yes","ST131","ST131","ST131","ST131"]
[1455,259,5,5,47.1,"Yes",null,"No","No","No",2,null,"No","URINE",2,"Yes","No","No","Yes","Yes",null,"No","No","No","No","No","No","No","No","No","No",2,"Yes",4,"Yes","Yes",null,"Yes","Yes","No",null,"No","Yes","N","Y","N","N","Yes","Yes","Yes","No",null,252,34,"EXSHT4",5,"exsht3","yes",911,30,2340,164,2331,null,null,"Box 3","W40268",{"$nulls":4},"Yes",null,"ST131","ST131","ST131"]
[1456,234,3,3,19.6,"No",null,"No","No",null,3,"Yes","No","URINE",2,"Yes",null,"Yes","Yes","Yes",null,"Yes","No","Yes","No","Yes","No","No","No","No","No",4,"Yes",9,"No",{"$nulls":3},"Yes","Yes",48,"No","Yes","N","Y","Y","N","Yes","Yes",null,"Yes","Yes",228,35,"EXSHT4",5,"exsht3","yes",5,null,0,1,0,"redo",1456,"Box 3","X72096",{"$nulls":7},"ST131","ST131"]
[1457,167,4,4,22,"No",null,"No","No",null,3,null,"No","URINE",2,"No","No",null,"Yes","Yes","No","No","No","No","No","No","No","No","No","No","No",2,"Yes",7,"No","Yes",null,"Yes","No","No",null,"Yes","Yes","N","Y","N","N","Yes","Yes",null,"Yes",null,162,36,"EXSHT4",5,"exsht3",null,261,null,622,36,622,"redo",1457,"Box 3","M81016","40-30",40,30,1,"Yes","ST131","ST131","ST131","ST131"]
[1459,344,40,40,41.1,"Yes",null,"No","No",null,3,null,"No","URINE",2,"No",null,"Yes","Yes","Yes",null,"No","No","No","No","No","No","No","No","No","No",3,"Yes",6,"No","Yes",null,null,"Yes",{"$nulls":3},"Yes","Y","N","Y","N","Yes","Yes",null,"Yes",null,333,37,"batch7",5,"exsht3",null,5,null,0,1,0,"redo",1459,"Box 3","T22628","26-",26,null,1,null,"Non-ST131",null,"ST131","ST131"]
[1460,157,6,4,35,"Yes",null,"No","No",null,2,null,"No","URINE",1,"No","No",null,"No","No","No","No","No","No","No","No","No","No","Yes","No","No",0,"Yes",1,"No",null,"No","No","No","No",null,"Yes","Yes","N","Y","N","N","Yes","Yes",null,"No",null,153,38,"batch7",5,"exsht3","yes",5,null,0,1,0,"redo",1460,"Box 3","T17816","40-30",40,30,1,"Yes","ST131","ST131","ST131","ST131"]
[1461,165,0,0,25,"No",null,"No","No",null,2,"No","No","URINE",1,"No","No","No","Yes","No","No","No","No","No","No","No","Yes","No","No","No","No",1,"Yes",1,"No",null,"No","Yes","No","No",null,"No","Yes","N","Y","N","N","Yes","Yes",null,"No",null,160,39,"EXSHT4",5,"exsht3","yes",5,null,0,1,0,"redo",1461,"Box 3","V62310","40-30",40,30,1,"Yes","ST131","ST131","ST131","ST131"]
[1462,161,10,11,26.5,"No",null,"No","No",null,3,"No","No","URINE",2,"No","No","No","Yes","Yes","No","No","No","No","No","No","No","No","No","No","No",1,"Yes",5,"No","Yes",null,"No","No","No",null,"No","Yes","N","Y","N","N","Yes","No","No","Yes",null,157,40,"EXSHT4",5,"exsht3",null,912,248,2409,30,2409,null,null,"Box 3","H15318",{"$nulls":7},"Non-ST131","Non-ST131"]
[1463,47,24,16,28,"No",null,"No","No",null,2,"No","No","BAL",1,"No",null,"No","Yes","Yes","No","No","No","No","No","No","No","No","No","No","Yes",2,"No",4,"Yes","Yes","Yes",null,"No","Yes",51,"No","No","N","N","N","Y","Yes","Yes","Yes","No","Yes",44,41,"EXSHT4",5,"exsht3","yes",444,30,1694,164,1694,"redo",1463,"Box 3","F59676","13-",13,null,1,"Yes","Non-ST131","ST131","ST131","ST131"]
[1464,108,10,10,42.2,"Yes",null,"No","No",null,3,null,"No","URINE",2,"Yes","No","No","Yes","No","Yes","Yes","No","No","No","No","No","Yes","No","No","No",12,"Yes",14,"Yes","Yes",null,"No","No","Yes",6,"No","Yes","N","Y","N","N","Yes","Yes","No","Yes","No",104,42,"EXSHT4",5,"exsht3",null,893,165,1338,248,1338,null,null,"Box 3","V70543",{"$nulls":7},"ST131","ST131"]
[1465,70,14,6,25,"No",null,"No","Yes",null,2,null,"No","URINE",2,"No",null,null,"Yes","Yes",null,"No","No","No","Yes","No","No","No","No","No","No",5,"Yes",7,"Yes","Yes","Yes","No","No","No",null,"Yes","Yes","N","Y","N","N","Yes","No","Yes","No",null,67,43,"EXSHT4",5,"exsht3",null,918,30,2271,277,2271,null,null,"Box 4","X71924",{"$nulls":4},"Yes",null,"ST131","Non-ST131","ST131"]
[1478,183,7,7,28,"No",null,"No","No",null,3,null,"No","URINE",2,"Yes","No",null,"Yes","Yes","No","No","No","No","No","No","No","No","No","No","No",8,"Yes",12,"No","Yes",null,"Yes","No","No",null,"Yes","Yes","N","Y","N","N","Yes","No","Yes","Yes",null,178,44,"EXSHT4",5,"exsht3",null,897,30,2412,164,2403,null,null,"Box 4","H24924",{"$nulls":4},"Yes",null,"ST131","Non-ST131","ST131"]
[1488,354,4,3,31,"Yes",null,"No","No",null,1,"Yes","No","FLUID",1,"Yes",null,"Yes","No","No",null,"No","No","No","No","Yes","No","No","No","No","No",3,"No",3,"No",{"$nulls":3},"Yes","No",null,"No","Yes","N","Y","N","N","Yes","No",null,"No",null,342,45,"EXSHT4",5,"exsht3",null,5,null,0,1,0,"redo",1488,"Box 4","F69730","40-30",40,30,1,"Yes","ST131","ST131","Non-ST131","ST131"]
[1489,186,13,21,22.1,"No",null,"No","Yes",null,3,"No","No","URINE",2,"No","No","No","Yes","Yes","No","Yes","No","Yes","No","No","No","No","No","Yes","Yes",7,"Yes",10,"No","Yes",null,"No","No","Yes",312,"No","Yes","N","Y","N","N","Yes","Yes","Yes","Yes","Yes",181,46,"EXSHT4",5,"exsht3","yes",912,30,2433,164,2424,null,null,"Box 4","V78733",{"$nulls":4},"Yes",null,"ST131","ST131","ST131"]
[1490,142,4,4,20.6,"No","Yes","No","No",null,3,"Yes","No","URINE",2,"Yes","Yes","Yes","Yes","Yes","No",null,"No","No","No","Yes","No","No","No","No","Yes",5,"Yes",8,"Yes",{"$nulls":4},"No",null,"No","Yes","N","Y","N","N","Yes","No",null,"Yes",null,138,47,"EXSHT4",5,"exsht3",null,5,null,0,1,0,"redo",1490,"Box 4","W49272","40-30",40,30,1,"Yes","ST131","ST131","Non-ST131","ST131"]
[1504,169,16,16,28.5,"No",null,"No","No",null,3,"No","No","URINE",2,"No","Yes","No","Yes","Yes","No",null,"No","No","No","No","No","No","No","Yes","No",5,"Yes",9,"No","Yes",null,"No","No","Yes",72,"No","Yes","N","Y","N","N","Yes","Yes",null,"Yes","Yes",164,48,"EXSHT4",5,"exsht3","yes",246,null,616,99,616,"redo",1504,"Box 4","H17788","40-30",40,30,1,"Yes","ST131","ST131","ST131","ST131"]
[1505,112,9,9,22,"No",null,"No","No",null,3,"No","No","URINE",1,"Yes","No","No","Yes","Yes","Yes","Yes","No","No","No","No","No","Yes","Yes","No","Yes",4,"Yes",9,"No","Yes",null,"Yes","No","Yes",14,"No","Yes","N","Y","Y","N","Yes","Yes",null,"Yes","No",108,49,"batch7",5,"exsht3","yes",5,null,0,1,0,"redo",1505,"Box 4","V81032","40-30",40,30,1,"Yes","ST131","ST131","ST131","ST131"]
[1509,24,1,1,20,"No",null,"No","No",null,3,"No","No","BLOOD",1,"Yes",null,"Yes","Yes","No","No","No","No","No","No","Yes","No","Yes","Yes","No","No",6,"No",10,"No",{"$nulls":4},"No",null,"Yes","No","N","N","Y","Y","No","Yes",null,"Yes",null,21,50,"batch7",5,"batch7",null,5,null,0,1,0,"redo",1509,"Box 4","S27698","40-30",40,30,1,"Yes","ST131","ST131","ST131","ST131"]
[1510,360,0,0,31,"Yes",null,"No","No",null,3,null,"No","WOUND",2,"Yes","No","No","Yes","Yes",null,"No","No","No","No","No","No","No","Yes","No","No",2,"No",6,"No","Yes","Yes","Yes","Yes","Yes",null,"Yes","Yes","N","Y","Y","N","Yes","Yes","No","Yes",null,348,51,"EXSHT4",5,"exsht3",null,909,74,2424,13,2415,null,null,"Box 4","H24479",{"$nulls":7},"ST131","ST131"]
[1512,372,10,10,26,"No",null,"No","No",null,2,"No","No","WOUND",2,"Yes","No","No","Yes","No",null,"No","No","No","No","No","No","No","Yes","No","Yes",4,"No",4,"No","Yes",null,"Yes","Yes","No",null,"Yes","Yes","N","Y","N","N","Yes","No",null,"No",null,360,52,"EXSHT4",5,"exsht3",null,143,null,270,12,270,"redo",1512,"Box 4","H22422",-30,null,30,1,"Yes","Non-ST131","ST131","Non-ST131","ST131"]
[1514,307,6,5,27,"No",null,"No","No",null,2,null,"No","URINE",1,"Yes","No","Yes","Yes","No",null,"No","No","No","No","No","No","No","No","No","Yes",2,"Yes",3,"No","Yes","No","Yes","No","Yes",72,"No","Yes","N","Y","Y","N","Yes","Yes",null,"No","Yes",297,53,"EXSHT4",5,"exsht3",null,282,null,815,99,815,"redo",1514,"Box 4","V81917","40-30",40,30,1,"Yes","ST131","ST131","ST131","ST131"]
[1516,197,8,3,28,"No",null,"No","No",null,3,"No","No","URINE",1,"No","No","No","Yes","No",null,"No","No","No","No","No","No","No","Yes","No","No",1,"Yes",5,"No","Yes","No","Yes","No","Yes",48,"Yes","Yes","N","Y","N","N","Yes","Yes",null,"Yes","Yes",192,54,"EXSHT4",5,"exsht3",null,5,null,0,1,0,"redo",1516,"Box 4","S28000","40-30",40,30,1,"Yes","ST131","ST131","ST131","ST131"]
[1518,129,6,6,24.9,"No",null,"No","No",null,2,"No","No","URINE",2,null,"No","No","Yes","Yes","Yes","No","No","No","No","No","No","No","No","Yes","No",4,"Yes",4,"No","Yes",null,"No","No","Yes",50,"Yes","Yes","N","Y","Y","N","Yes","Yes",null,"No","Yes",125,55,"EXSHT4",5,"exsht3",null,323,null,569,137,569,"redo",1518,"Box 4","V84244","40-30",40,30,1,"Yes","ST131","ST131","ST131","ST131"]
[1520,50,27,22,37,"Yes",null,"No","No",null,3,null,"No","SPUTUM",1,"No","No",null,"Yes","No","No","No","No","No","No","No","No","No","No","No","Yes",4,"No",6,"No","Yes","No","Yes","Yes","No",null,"Yes","No","N","N","Y","N","No","Yes","No","Yes",null,47,56,"EXSHT4",5,"exsht3",null,821,165,2343,331,2343,"redo",1520,"Box 4","Y40476","40-30",40,30,1,"Yes","ST131","ST131","ST131","ST131"]
[1522,100,8,8,24.8,"No",null,"Yes","No","Yes",3,"No","No","URINE",2,"No","No","No","Yes","Yes","Yes","Yes","No","No","No","No","No","No","No","No","Yes",10,"Yes",14,"No","Yes","No","Yes","No","Yes",49,"Yes","Yes","N","Y","N","N","Yes","Yes",null,"Yes","Yes",96,57,"EXSHT4",5,"exsht3",null,5,null,0,1,0,"redo",1522,"Box 4","V88794","40-30",40,30,1,"Yes","ST131","ST131","ST131","ST131"]
[1525,382,24,24,30,"Yes",null,"No","No",null,3,"No","No","GENITAL",2,"No","No","No","Yes","Yes",null,"No","No","Yes","No","No","No","No","No","Yes","Yes",4,"No",6,"No","Yes",null,"Yes","Yes","Yes",72,"Yes","Yes","N","Y","N","N","Yes","Yes",null,"Yes","Yes",370,58,"EXSHT4",5,"exsht3",null,5,null,0,1,0,"redo",1525,"Box 4","T42691","40-30",40,30,1,"Yes","ST131","ST131","ST131","ST131"]
[1528,179,6,4,104.6,"Yes",null,"No","No",null,1,null,"No","URINE",1,"No","No",null,"Yes","No","No","No","No","No","No","No","No","No","No","No","No",2,"Yes",2,"No","Yes","No","No","No","No",null,"Yes","Yes","Y","N","Y","N","Yes","Yes","No","No",null,174,59,"EXSHT4",5,"exsht3",null,910,61,2244,60,2235,null,null,"Box 4","Y44531",{"$nulls":7},"ST131","ST131"]
[1529,146,5,2,17,"No",null,"No","No",null,3,"Yes","No","URINE",2,"Yes",null,"Yes","Yes","Yes","No","No","No","No","No","No","No","No","Yes","No","No",6,"Yes",11,"No","Yes",{"$nulls":3},"Yes",48,"No","Yes","N","Y","N","N","Yes","Yes","Yes","Yes","Yes",142,60,"EXSHT4",5,"exsht3",null,898,30,2421,164,2412,null,null,"Box 4","N22555",{"$nulls":4},"Yes",null,"ST131","ST131","ST131"]
[1545,313,15,15,39,"Yes",null,"No","Yes",null,2,"No","No","URINE",2,"Yes","No","No","Yes","Yes",null,"Yes","No","No","No","No","No","No","No","No","No",1,"Yes",2,"No","Yes",null,"No","Yes","Yes",48,"No","Yes","N","Y","N","N","Yes","Yes","Yes","No","Yes",303,61,"batch7",5,"batch7",null,548,30,2220,164,2211,"redo",1545,"Box 4","F78293","40-30",40,30,1,"Yes","ST131","ST131","ST131","ST131"]
[1547,321,21,21,26.4,"No",null,"No","No",null,3,"No","No","URINE",1,"No",null,"No","Yes","No",null,"Yes","No","No","No","No","No","No","No","No","No",0,"Yes",5,"No","Yes","Yes","No","Yes","Yes",168,"Yes","Yes","N","Y","N","N","Yes","Yes",null,"Yes","Yes",311,62,"batch7",5,"exsht3","yes",5,null,0,1,0,"redo",1547,"Box 4","N23537",-30,null,30,1,"Yes","Non-ST131","ST131","ST131","ST131"]
[1549,309,0,0,31,"Yes",null,"No","No",null,3,"No","No","URINE",1,"No",null,"No","Yes","No","No","Yes","No","No","No","No","Yes","No","No","No","No",2,"Yes",4,"No","No","No","Yes","Yes","No",null,"Yes","Yes","N","Y","Y","N","Yes","Yes",null,"Yes",null,299,63,"EXSHT4",5,"exsht3","yes",5,null,0,1,0,"redo",1549,"Box 4","H31003","40-30",40,30,1,"Yes","ST131","ST131","ST131","ST131"]
[1550,324,7,7,40.7,"Yes",null,"No","No",null,2,"No","No","URINE",2,"No","No","No","Yes","No",null,"No","No","No","No","No","No","No","No","No","No",2,"Yes",4,"Yes","Yes","Yes","Yes","Yes","Yes",72,"Yes","Yes","N","Y","Y","N","Yes","Yes",null,"No","Yes",314,64,"EXSHT4",5,"exsht3","yes",5,null,0,1,0,"redo",1550,"Box 4","Y48541","40-142",40,142,1,null,"Non-ST131",null,"ST131","ST131"]
[1564,355,0,0,19.7,"No",null,"No","No",null,1,"No","No","WND",1,"No",null,"No","No","No","Yes","No","Yes","No","No","No","No","No","No","No","No",0,"No",0,"No","No","No","No","No","No",null,"No","Yes","N","Y","Y","N","Yes","Yes",null,"No",null,343,65,"EXSHT4",5,"exsht3","yes",5,null,0,1,0,"redo",1564,"Box 4","T50958","4-142",4,142,1,null,"Non-ST131",null,"ST131","ST131"]
[1566,261,0,0,27.7,"No",null,"No","No",null,3,null,null,"URINE",1,"No",null,"No","No","No","No","No","No","No","No","No","No","No","No","No","Yes",1,"Yes",4,"No","No","No","No","No",null,null,"No","Yes","N","Y","N","N","Yes","Yes","No","Yes",null,254,66,"EXSHT4",5,"exsht3",null,853,165,1986,331,1986,"redo",1566,"Box 4","Y49794","40-30",40,30,1,"Yes","ST131","ST131","ST131","ST131"]
[1567,52,1,1,17.8,"No","Yes","No","No",null,3,"Yes","No","SPUTUM",1,"Yes",null,"Yes","Yes","Yes","No","No","No","No","No",null,"No","No","No","No","No",3,"No",7,"Yes",null,null,"No","No","No",null,"Yes","Yes","N","Y","N","N","Yes","Yes",null,"Yes",null,49,67,"EXSHT4",5,"exsht3","yes",5,null,0,1,0,"redo",1567,"Box 4","Y51616","40-30",40,30,1,"Yes","ST131","ST131","ST131","ST131"]
[1568,38,22,10,24,"No",null,"Yes","Yes","No",3,null,"No","SPUTUM",1,"Yes","No","Yes","Yes","Yes","Yes","No","No","No","No","No","No","No","No","No","No",1,"No",5,"Yes","Yes","Yes","Yes","Yes","No",null,"Yes","Yes","Y","N","N","N","Yes","Yes",null,"Yes",null,35,68,"EXSHT4",5,"exsht3",null,5,null,0,1,0,"redo",1568,"Box 4","H39693","38-41",38,41,1,null,"Non-ST131",null,"ST131","ST131"]
[1572,174,6,6,28,"No",null,"Yes","No",null,3,null,"No","URINE",2,"No","No",null,"Yes","No","No","No","No","No","Yes","No","No","Yes","No","No","Yes",9,"Yes",12,"No","Yes",null,"Yes","No","No",null,"No","Yes","N","Y","N","N","Yes","Yes",null,"Yes",null,169,69,"EXSHT4",5,"exsht3","yes",238,null,495,36,495,"redo",1572,"Box 4","S41441","40-30",40,30,1,"Yes","ST131","ST131","ST131","ST131"]
[1573,94,4,3,51.4,"Yes",null,"No","No",null,3,"No","No","URINE",2,"Yes",null,"No","Yes","No",null,"Yes","No","No","Yes","No","No","No","No","Yes","Yes",11,"Yes",13,"No","Yes",null,"No","No","No",null,"Yes","Yes","N","Y","N","N","Yes","Yes",null,"Yes",null,90,70,"EXSHT4",5,"exsht3",null,5,null,0,1,0,"redo",1573,"Box 4","F5795",-30,null,30,1,"Yes","Non-ST131","ST131","ST131","ST131"]
[1576,288,12,12,19.2,"No",null,"No","No",null,3,"No","No","URINE",2,"Yes","No","No","Yes","Yes",null,"Yes","No","No","No","No","No","No","No","No","Yes",3,"Yes",6,"No","Yes",null,"Yes","Yes","Yes",35,"Yes","Yes","N","Y","N","N","Yes","Yes",null,"Yes","No",278,71,"EXSHT4",5,"exsht3",null,5,null,0,1,0,"redo",1576,"Box 4","M28570","40-30",40,30,1,"Yes","ST131","ST131","ST131","ST131"]
[1577,88,4,4,34,"Yes",null,"Yes","No","No",3,"No","No","URINE",1,"Yes","No","No","Yes","No",null,"Yes","Yes","Yes","No","No","Yes","Yes","Yes","No","No",2,"Yes",6,"No","Yes",null,"Yes","Yes","Yes",56,"Yes","Yes","N","Y","N","N","Yes","Yes",null,"Yes","Yes",84,72,"EXSHT4",5,"exsht3",null,5,null,0,1,0,"redo",1577,"Box 4","X3963",-30,null,30,1,"Yes","Non-ST131","ST131","ST131","ST131"]
[1582,241,0,0,24,"No",null,"No","No",null,3,"No","No","URINE",1,"No","No",null,"Yes","Yes",null,"No","No","No","Yes","No","No","Yes","No","No","No",2,"Yes",5,"No","Yes","Yes","Yes","Yes",null,null,"Yes","Yes","Y","N","N","N","Yes","Yes",null,"Yes",null,235,73,"batch7",5,"exsht3",null,5,null,0,1,0,"redo",1582,"Box 4","T54082","40-30",40,30,1,"Yes","ST131","ST131","ST131","ST131"]
[1585,373,5,5,20,"No",null,"No","No",null,2,"No","No","FLUID",1,"Yes","No","No","No","No","No","No","No","No","No","No","No","No","Yes","No","No",2,"No",2,"No","Yes","No","No","Yes","No",null,"Yes","Yes","Y","Y","Y","N","Yes","Yes","Yes","No",null,361,74,"batch7",5,"exsht3",null,914,30,2445,164,2436,null,null,"Box 4","T54918",{"$nulls":4},"Yes",null,"ST131","ST131","ST131"]
[1586,58,0,0,17.8,"No",null,"Yes","No","No",1,null,"No","URINE",{"$nulls":18},"Yes",{"$nulls":6},"Yes",192,"No","Yes","Y","Y","Y","N","Yes","Yes",null,"No","Yes",55,75,"EXSHT4",5,"exsht3",null,5,null,0,1,0,"redo",1586,"Box 4","S41046","40-30",40,30,1,"Yes","ST131","ST131","ST131","ST131"]
[1591,54,19,18,30.65,"Yes","Yes","No","No","No",3,"Yes","No","SPUTUM",2,"Yes",null,"Yes","Yes","Yes","No",null,"No","No","No","Yes","No","No","No","No","No",1,"No",5,"Yes",{"$nulls":4},"Yes",312,"Yes","Yes","N","Y","N","N","Yes","Yes",null,"Yes","Yes",51,76,"EXSHT4",5,"exsht3",null,287,null,780,36,780,"redo",1591,"Box 4","F13806",{"$nulls":7},"ST131","ST131"]
[1607,366,7,7,28,"No",null,"Yes","Yes","No",3,"No","No","ABSCESS",1,"Yes","Yes","No","Yes","No",null,"No","No","No","Yes","No","No","No","No","No","No",5,"No",8,"No","Yes","Yes","Yes","Yes","Yes",72,"Yes","Yes","N","Y","Y","N","Yes","Yes",null,"Yes","Yes",354,77,"EXSHT4",5,"exsht3",null,5,null,0,1,0,"redo",1607,"Box 4","H45146","40-30",40,30,1,"Yes","ST131","ST131","ST131","ST131"]
[1609,181,3,2,19,"No",null,"No","No",null,3,null,"No","URINE",2,"Yes","No",null,"Yes","Yes","No","Yes","No","No","No","No","No","No","No","No","No",1,"Yes",5,"No","Yes",null,"No","Yes","No",null,"Yes","No","N","N","Y","N","No","Yes","No","Yes",null,176,78,"EXSHT4",5,"exsht3",null,889,165,2130,331,2130,null,null,"Box 4","H46506",{"$nulls":7},"ST131","ST131"]
[1610,346,10,10,26.6,"No",null,"Yes","No","No",3,"No","No","URINE",2,"Yes","No","No","Yes","Yes",null,"Yes","No","No","No","No","No","No","No","No","No",5,"Yes",8,"Yes","Yes","Yes","Yes","Yes","Yes",36,"Yes","Yes","N","Y","N","N","Yes","No",null,"Yes","No",335,79,"EXSHT4",5,"exsht3",null,5,null,0,1,0,"redo",1610,"Box 4","M29256","40-30",40,30,1,"Yes","ST131","ST131","Non-ST131","ST131"]
[1612,326,5,5,22,"No",null,"No","No",null,3,"No","No","URINE",1,"Yes","No","Yes","Yes","No",null,"Yes","No","No","No","No","No","No","No","No","Yes",6,"Yes",10,"No","Yes","No","Yes","Yes","Yes",72,"Yes","Yes","N","Y","Y","N","Yes","Yes",null,"Yes","Yes",316,80,"EXSHT4",5,"exsht3",null,5,null,0,1,0,"redo",1612,"Box 4","Y72528","40-30",40,30,1,"Yes","ST131","ST131","ST131","ST131"]
[1616,93,35,34,21,"No",null,"No","No",null,2,null,"No","URINE",2,"Yes","No",null,"Yes","No",null,"No","No","No","No","No","No","Yes","Yes","No","Yes",1,"Yes",2,"No","Yes",null,"Yes","No","Yes",53,"Yes","Yes","Y","N","N","N","Yes","Yes","No","No","Yes",89,1,"exsht3",6,"exsht 5","no",915,41,2445,234,2436,null,null,"Box 4","F15435",{"$nulls":7},"ST131","ST131"]
[1617,357,12,12,22,"No",null,"No","No",null,3,"No","No","WOUND",2,"No","No","No","Yes","Yes",null,"No","No","No","No","No","No","No","No","No","Yes",3,"No",5,"No","Yes","Yes","Yes","Yes","Yes",72,"Yes","Yes","Y","N","Y","N","Yes","Yes","Yes","Yes","Yes",345,2,"exsht3",6,"exsht 5","yes",915,30,2445,164,2436,null,null,"Box 4","X12237",{"$nulls":4},"Yes",null,"ST131","ST131","ST131"]
[1618,15,3,3,29.4,"No",null,"No","No",null,3,"No","No","BLOOD",2,"No","No","No","Yes","No","Yes","No","No","No","No","No","No","No","No","No","No",3,"No",6,"No","Yes",null,"No","No","Yes",67,"Yes","Yes","N","Y","Y","N","Yes","Yes","Yes","Yes","Yes",13,3,"exsht3",6,"exsht 5","no",920,30,2418,164,2409,null,null,"Box 4","W78060",{"$nulls":4},"Yes",null,"ST131","ST131","ST131"]
[1619,379,22,20,18,"No",null,"No","Yes",null,3,"No","No","ABSCESS",2,"No","No","No","Yes","Yes",null,"Yes","Yes","Yes","No","No","No","No","No","No","No",4,"No",8,"No","Yes","Yes","No","Yes",{"$nulls":3},"No","Y","N","Y","N","Yes","Yes","No","Yes",null,367,4,"exsht3",6,"exsht 5",null,916,54,2433,53,2424,null,null,"Box 4","X11176",{"$nulls":7},"ST131","ST131"]
[1633,85,5,5,38,"Yes",null,"Yes","No",null,3,null,"No","URINE",2,"Yes","No","No","Yes","No",null,"No","No","No","No","No","No","No","No","No","Yes",3,"Yes",5,"No","Yes",null,"Yes","Yes","Yes",47,"No","Yes","N","Y","N","N","Yes","Yes","No","Yes","No",81,5,"exsht3",6,"exsht 5",null,918,87,2433,35,2433,null,null,"Box 4","F20324",{"$nulls":7},"ST131","ST131"]
[1637,276,3,3,26.2,"No",null,"No","No",null,3,null,"No","URINE",2,"Yes",null,"Yes","Yes","Yes",null,"No","No","No","No","No","No","No","No","No","No",2,"Yes",6,"No","Yes","Yes",null,"No","No",null,"No","Yes","N","Y","Y","N","Yes","Yes","Yes","Yes",null,267,6,"exsht3",6,"exsht 5","yes",888,30,2445,164,2436,null,null,"Box 4","Y83068",{"$nulls":4},"Yes",null,"ST131","ST131","ST131"]
[1638,141,6,5,19,"No",null,"No","No",{"$nulls":3},"No","URINE",1,"Yes","No",null,"Yes","No","No","No","No","No","No","No","No","No","No","No","No",0,"Yes",0,"No","Yes","No","Yes","Yes","Yes",72,"Yes","Yes","N","Y","N","N","Yes","Yes","Yes",null,"Yes",137,7,"exsht3",6,"exsht 5","yes",910,30,2445,164,2436,null,null,"Box 4","F23496",{"$nulls":4},"Yes",null,"ST131","ST131","ST131"]
[1639,319,4,4,27.3,"No",null,"No","No",null,3,"No","No","URINE",1,"No","No","No","No","No",null,"Yes","No","No","No","No","No","No","No","No","No",1,"Yes",3,"No","No","No","No","Yes","Yes",19,"No","Yes","N","Y","Y","N","Yes","Yes","Yes","Yes","No",309,8,"exsht3",6,"exsht 5","yes",915,30,2439,164,2430,null,null,"Box 4","W83614",{"$nulls":4},"Yes",null,"ST131","ST131","ST131"]
[1640,235,15,15,28.3,"No",null,"No","No",null,3,"No","No","URINE",1,"No",null,"No","No","No",null,"No","No","No","No","No","No","No","No","No","No",1,"Yes",4,"No","Yes","Yes","No","Yes","Yes",0,"Yes","Yes","N","Y","N","N","Yes","Yes","Yes","Yes","No",229,9,"exsht3",6,null,null,445,30,1775,164,1775,"redo",1640,"Box 4","H60989","40-30",40,30,1,"Yes","ST131","ST131","ST131","ST131"]
[1641,134,1,0,30.1,"Yes",null,"No","No",null,3,"No","No","URINE",2,"Yes","No","No","Yes","Yes","No","Yes","No","No","No","No","No","No","No","No","No",2,"Yes",5,"No","Yes",null,"Yes","Yes","No",null,"No","Yes","N","Y","Y","N","Yes","Yes","No","Yes",null,130,10,"exsht3",6,null,null,916,329,2283,30,2283,null,null,"Box 4","W86354",{"$nulls":7},"ST131","ST131"]
[1642,227,34,13,28,"No","No","No","No",null,3,"No","No","URINE",null,"No",null,"Yes","No","No",null,"No","No","No","No","Yes","No","Yes","Yes","No","Yes",4,"Yes",8,"Yes",{"$nulls":3},"Yes","Yes",24,"Yes","Yes","N","Y","N","N","Yes","Yes","No","Yes","No",222,11,"exsht3",6,null,null,933,329,2151,30,2151,null,null,"Box 4","W82494",{"$nulls":7},"ST131","ST131"]
[1649,33,16,19,29.9,"Yes",null,"No","No",null,3,"No","No","SPUTUM",1,null,"No","No","Yes","Yes","No","No","No","No","No","No","No","No","No","No","No",0,"No",3,"No","Yes","No","Yes","No","Yes",98,"No","Yes","N","Y","N","N","Yes","Yes","No","Yes","Yes",30,12,"exsht3",6,"exsht 5",null,915,329,2337,30,2337,null,null,"Box 4","B15289",{"$nulls":7},"ST131","ST131"]
[1650,27,15,6,24,"No",null,"No","No",null,3,"No","No","BLOOD",2,"Yes","No","No","Yes","No","Yes","Yes","No","No","No","No","No","Yes","Yes","No","No",1,"No",5,"No","Yes",null,"Yes","No","No",null,"No","Yes","N","Y","N","N","Yes","Yes","Yes","Yes",null,24,48,"exsht3",6,"exsht 5","yes",798,30,2372,164,2364,"redo",1650,"Box 4","Y85696","40-30",40,30,1,"Yes","ST131","ST131","ST131","ST131"]
[1652,212,9,4,31,"Yes",null,"No","Yes",null,3,"No","No","URINE",2,"Yes","Yes","No","Yes","Yes",null,"No","No","No","No","No","No","No","No","Yes","No",5,"Yes",8,"Yes","Yes","Yes",null,"No","Yes",24,"No","Yes","N","Y","Y","N","Yes","Yes","No","Yes","No",207,13,"exsht3",6,"exsht 5","yes",907,329,2019,328,2019,null,null,"Box 4","Y86025",{"$nulls":7},"ST131","ST131"]
[1654,254,22,23,40,"Yes",null,"No","No",null,2,"No","No","URINE",1,"No","No","No","No","No",null,"No","No","No","No","No","Yes","No","No","No","Yes",1,"Yes",3,"Yes","No","No","No","Yes","Yes",240,"Yes","Yes","N","Y","N","N","Yes","Yes","No","No","Yes",247,15,"exsht3",6,"batch7",null,908,247,2439,30,2439,null,null,"Box 4","F23307",{"$nulls":7},"ST131","ST131"]
[1655,262,6,5,28,"No",null,"No","No",null,3,"No","No","URINE",2,"No","No","No","Yes","Yes",null,"No","No","No","No","No","No","No","No","No","No",4,"Yes",8,"No","Yes",null,"No","Yes","Yes",75,"Yes","Yes","N","Y","N","N","Yes","No","Yes","Yes","Yes",255,14,"exsht3",6,null,null,921,30,2445,164,2436,null,null,"Box 4","E40388",{"$nulls":4},"Yes",null,"ST131","Non-ST131","ST131"]
[1656,173,19,19,32.7,"Yes","No","No","No","No",3,"Yes","No","URINE",2,"Yes","Yes","No","No","No","No",null,"No","Yes","No","Yes","Yes","No","No","No","Yes",3,"Yes",7,"Yes",{"$nulls":3},"Yes","Yes",48,"No","Yes","N","Y","Y","N","Yes","Yes","Yes","Yes","Yes",168,16,"exsht3",6,"exsht 5","yes",910,30,2439,164,2430,null,null,"Box 4","X15829",{"$nulls":4},"Yes",null,"ST131","ST131","ST131"]
[1657,44,40,19,30,"Yes",null,"No","Yes",null,2,"No","No","SPUTUM",2,"Yes",null,"Yes","Yes","Yes","No","No","No","No","No","No","Yes","Yes","Yes","No","No",4,"No",3,"Yes","Yes","Yes","Yes","No","Yes",28,"No","Yes","Y","N","Y","N","Yes","No","Yes","No","No",41,17,null,6,"exsht 5","no",912,30,2403,164,2394,null,null,"Box 4","H64966",{"$nulls":4},"Yes",null,"ST131","Non-ST131","ST131"]
[1658,78,4,4,22.1,"Yes",null,"Yes","No","No",3,null,"No","URINE",2,"No",null,"No","Yes","No",null,null,"No","No","No","No","No","No","No","No","Yes",6,"Yes",10,"Yes","Yes",null,"Yes","Yes","No",null,"Yes","Yes","N","Y","N","N","Yes","Yes","Yes","Yes",null,74,18,"exsht3",6,"exsht 5","yes",909,30,2445,164,2436,null,null,"Box 4","H62584",{"$nulls":4},"Yes",null,"ST131","ST131","ST131"]
[1660,191,4,2,49.5,"Yes","No","No","No",null,3,null,null,"URINE",1,"No","No",null,"Yes","Yes","No","No","No","No","No","No","No","No","No","Yes","Yes",4,"Yes",8,"No","Yes","No","Yes","No","Yes",1,"Yes","Yes","N","Y","N","N","Yes","Yes","Yes","Yes","No",186,19,"exsht3",6,"exsht 5","yes",926,30,2445,164,2436,null,null,"Box 4","E52199",{"$nulls":4},"Yes",null,"ST131","ST131","ST131"]
[1662,37,8,2,24,"No",null,"No","Yes",null,3,"No","No","SPUTUM",2,"Yes","Yes","Yes","Yes","No","Yes","Yes","No","No","No","No","No","No","No","Yes","Yes",5,"No",8,"Yes","Yes","Yes","Yes","No","No",null,"Yes","Yes","N","Y","Y","N","Yes","Yes","No","Yes",null,34,20,"exsht3",6,"exsht 5","yes",916,294,1552,12,1552,null,null,"Box 4","M61555",{"$nulls":7},"ST131","ST131"]
[1663,378,9,4,16,"No",null,"No","No",null,2,"Yes","No","TISSUE",2,"Yes",null,"No","Yes","No",null,"Yes","Yes","No","No","No","No","No","No","No","No",3,"No",5,"No","Yes","Yes","No","Yes","Yes",36,"Yes","Yes","N","Y","Y","N","Yes","Yes","No","No","No",366,21,"batch7",6,null,null,700,248,1948,99,1947,"redo",1663,"Box 4","E52016","40-30",40,30,1,"Yes","ST131","ST131","ST131","ST131"]
[1666,213,6,6,33,"Yes",null,"No","No",null,1,"No","No","URINE",1,"Yes",null,"No","No","No",null,"No","No","No","No","No","No","No","Yes","No","No",2,"Yes",2,"No","No","No","No","No","Yes",48,"No","Yes","N","Y","N","N","Yes","Yes","Yes","No","Yes",208,22,"batch7",6,"batch7",null,914,30,2439,164,2430,null,null,"Box 4","E54306",{"$nulls":4},"Yes",null,"ST131","ST131","ST131"]
[1667,266,9,8,18.9,"No",null,"No","No",null,3,null,"No","URINE",2,"Yes",null,"No","Yes","Yes",null,"Yes","No","No","No","No","No","No","No","No","No",1,"Yes",6,"No","Yes","No","No","No","No",null,"No","Yes","N","Y","N","N","Yes","Yes","Yes","Yes",null,257,23,"exsht3",6,"exsht 5","yes",913,30,2445,164,2436,null,null,"Box 4","E54692",{"$nulls":4},"Yes",null,"ST131","ST131","ST131"]
[1668,177,3,3,23.6,"No",null,"No","No",null,3,"No","No","URINE",2,"Yes","No","No","Yes","Yes","No",null,"No","No","No","No","No","No","No","No","Yes",3,"Yes",7,"No",null,null,"No","No","Yes",72,"No","Yes","N","Y","N","N","Yes","Yes","Yes","Yes","Yes",172,24,"exsht3",6,"batch7",null,918,30,2445,164,2436,null,null,"Box 4","E50071",{"$nulls":4},"Yes",null,"ST131","ST131","ST131"]
[1669,323,4,4,38,"Yes",null,"Yes","No",null,3,"No","No","URINE",2,"No","No","No","Yes","Yes",null,"No","No","No","No","No","No","No","No","No","Yes",3,"Yes",8,"No","Yes","Yes","Yes","Yes","Yes",48,"Yes","No","N","N","Y","N","No","No","Yes","Yes","Yes",313,25,"exsht3",6,"batch7",null,918,30,2445,164,2436,null,null,"Box 4","M56060",{"$nulls":4},"Yes",null,"ST131","Non-ST131","ST131"]
[1680,79,1,1,32,"Yes",null,"No","No",null,1,null,"No","URINE",1,"No","No",null,"No","No","No","Yes","No","No","No","No","No","No","Yes","No","No",0,"Yes",0,"No","No","No","No","No","No",null,"Yes","Yes","N","Y","Y","N","Yes","Yes","Yes","No",null,75,26,"exsht3",6,"exsht 5","yes",915,30,2445,164,2436,null,null,"Box 4","E59765",{"$nulls":4},"Yes",null,"ST131","ST131","ST131"]
[1681,282,21,2,21,"No",null,"No","No",null,3,null,"No","URINE",2,"Yes",null,"No","Yes","No",null,"No","No","No","No","No","No","No","No","No","Yes",2,"Yes",6,"No",null,null,"No",null,"Yes",48,"No","Yes","Y","N","N","N","Yes","Yes","Yes","Yes","Yes",273,27,"exsht3",6,"exsht 5","yes",913,30,2445,164,2436,null,null,"Box 4","T83972",{"$nulls":4},"Yes",null,"ST131","ST131","ST131"]
[1682,98,7,7,73.4,"Yes",null,"No",null,null,1,null,null,"URINE",1,"No","No","No","Yes","No","Yes","No","No","No","No","No","No","No","No","No","No",1,"Yes",1,"No","Yes","No","No","No","No",null,"Yes","Yes","N","Y","Y","N","Yes","Yes","Yes","No",null,94,28,"exsht3",6,"exsht 5","yes",906,30,2364,164,2355,null,null,"Box 4","E55545",{"$nulls":4},"Yes",null,"ST131","ST131","ST131"]
[1684,300,5,4,24,"No",null,"No","No",null,3,"No","No","URINE",2,"Yes",null,"No","Yes","Yes",null,"No","No","No","No","No","No","No","No","No","No",2,"Yes",6,"No","Yes","Yes",null,"Yes","Yes",48,"Yes","No","N","N","Y","Y","No","Yes","Yes","Yes","Yes",290,29,"exsht3",6,"batch7",null,916,30,2433,164,2424,null,null,"Box 4","E56302",{"$nulls":4},"Yes",null,"ST131","ST131","ST131"]
[1685,158,8,8,25.9,"No",null,"No","No",null,3,"No","No","URINE",2,"Yes","No","No","Yes","Yes","No",null,"No","No","No","No","No","No","No","No","No",1,"Yes",5,"No","Yes",null,"No","No","No",null,"No","Yes","N","Y","N","N","Yes","Yes","Yes","Yes",null,154,30,"exsht3",6,"exsht 5","yes",522,30,2027,164,2024,"redo",1685,"Box 4","E61356","40-30",40,30,1,"Yes","ST131","ST131","ST131","ST131"]
[1687,76,0,0,35,"Yes",null,"No","No",null,2,null,"No","URINE",2,"No","No","No","Yes","Yes","No","Yes","No","No","No","No","No","No","No","No","Yes",1,"Yes",2,"No","Yes",null,"Yes","No","No",null,"No","Yes","N","Y","N","N","Yes","Yes","No","No",null,72,31,"exsht3",6,"exsht 5","yes",725,25,2427,27,2427,"redo",1687,"Box 4","B33542","40-30",40,30,1,"Yes","ST131","ST131","ST131","ST131"]
[1688,111,11,11,20.2,"No",null,"Yes","No","No",3,null,"No","URINE",2,"Yes","No","No","Yes","Yes","Yes","Yes","No","No","Yes","No","No","Yes","No","Yes","Yes",11,"Yes",14,"Yes","Yes",null,"Yes","No","Yes",74,"No","Yes","N","Y","N","N","Yes","Yes","Yes","Yes","Yes",107,32,"exsht3",6,"exsht 5","yes",912,30,2358,164,2349,null,null,"Box 4","M70500",{"$nulls":4},"Yes",null,"ST131","ST131","ST131"]
[1689,364,5,4,23,"No",null,"No","No",null,1,"No","No","ABSCESS",1,"Yes","No","No","No","No","No","No","No","No","No","No","No","No","Yes","No","No",0,"No",0,"No","No","No","No","Yes","No",null,"Yes","Yes","N","Y","N","N","Yes","No","Yes","No",null,352,33,"batch7",6,"batch7",null,660,30,2421,164,2412,"redo",1689,"Box 4","T5911",-30,null,30,1,"Yes","Non-ST131","ST131","Non-ST131","ST131"]
[1691,233,0,0,46.2,"Yes",null,"No","No",null,2,"No","No","URINE",1,"No","No","No","No","No",null,"No","No","No","Yes","No","No","No","No","No","Yes",6,"Yes",7,"No","No","No","Yes","No","Yes",null,"Yes","Yes","N","Y","Y","N","Yes","Yes","Yes","No",null,227,34,"exsht3",6,"exsht 5","yes",889,30,2445,164,2436,null,null,"Box 4","E61331",{"$nulls":4},"Yes",null,"ST131","ST131","ST131"]
[1693,152,20,16,26,"No",null,"No","Yes",null,1,"No","No","URINE",1,"No","No","No","Yes","Yes","No","No","No","No","No","No","No","Yes","Yes","No","No",0,"Yes",0,"Yes",null,"No","Yes","Yes","Yes",1,"No","Yes","N","Y","N","N","Yes","Yes","Yes","No","No",148,35,"batch7",6,"batch7",null,923,30,2445,164,2436,null,null,"Box 4","H77639",{"$nulls":4},"Yes",null,"ST131","ST131","ST131"]
[1703,286,2,0,26,"No",null,"No","No",null,3,"No","No","URINE",2,"Yes","No","No","Yes","Yes",null,"Yes","No","No","Yes","No","No","No","No","No","Yes",5,"Yes",8,"No","Yes","Yes","Yes","Yes","Yes",13,"No","Yes","N","Y","Y","N","Yes","Yes",null,"Yes","No",276,36,"exsht3",6,"batch7",null,235,null,516,99,516,"redo",1703,null,"X26321","40-30",40,30,1,"Yes","ST131","ST131","ST131","ST131"]
[1706,63,1,1,37.4,"Yes",null,"No","No",null,3,null,"No","URINE",1,"No",null,null,"Yes",{"$nulls":13},"Yes",{"$nulls":6},"No",null,"No","Yes","N","Y","N","N","Yes","Yes",null,"Yes",null,60,37,"exsht3",6,"batch7",null,293,null,802,36,802,"redo",1706,null,"S66287","40-30",40,30,1,"Yes","ST131","ST131","ST131","ST131"]
[1708,139,5,5,42.6,"Yes",null,"Yes","No","No",3,"Yes","No","URINE",2,"No",null,"No","Yes","Yes","No","Yes","No","No","No","No","No","No","No","Yes","No",6,"Yes",9,"Yes","Yes",null,"Yes","No","Yes",79,"Yes","Yes","N","Y","N","N","Yes","Yes","Yes","Yes","Yes",135,38,"batch7",6,"batch7",null,923,30,2364,164,2355,{"$nulls":3},"H83437",{"$nulls":4},"Yes",null,"ST131","ST131","ST131"]
[1709,371,14,9,27,"No",null,"No","No",null,2,"No","No","WOUND",1,"No",null,"Yes","No","No",null,"No","No","No","Yes","No","No","Yes","No","No","Yes",4,"No",6,"No","No","No","No","Yes",{"$nulls":3},"Yes","N","Y","Y","N","Yes","Yes","No","No",null,359,39,"exsht3",6,"batch7",null,538,27,2209,25,2200,"redo",1709,null,"W23069",-30,null,30,1,"Yes","Non-ST131","ST131","ST131","ST131"]
[1710,258,1,0,42,"Yes",null,"Yes","No","No",2,null,"No","URINE",1,"No",null,"No","No","No","No","No","No","No","No","No","Yes","No","No","No","Yes",1,"Yes",2,"No","No","No","No","No",null,null,"No","Yes","N","Y","N","N","Yes","Yes",null,"No",null,251,40,"exsht3",6,"exsht 5","yes",5,null,0,1,0,"redo",1710,null,"W26226","2020-04-30",4,30,1,"Yes","Non-ST131","ST131","ST131","ST131"]
[1711,226,8,8,31,"Yes",null,"Yes","No",null,3,"No","No","URINE",1,"Yes","No","Yes","Yes","Yes",null,"No","No","No","No","No","No","No","No","No","Yes",2,"Yes",7,"No","Yes","Yes","Yes","No","Yes",96,"No","Yes","N","Y","Y","N","Yes","Yes",null,"Yes","Yes",221,41,"exsht3",6,"batch7",null,5,null,0,1,0,"redo",1711,null,"M77329","40-30",40,30,1,"Yes","ST131","ST131","ST131","ST131"]
[1712,32,14,14,31.6,"Yes",null,"No","Yes","No",2,"Yes","Yes","SPUTUM",1,"Yes","No","Yes","Yes","Yes","Yes","No","No","No","No","No","No","No","No","No","Yes",4,"No",6,"No","Yes","No","Yes","No","Yes",23,"No","Yes","N","Y","N","N","Yes","No","Yes","No","No",29,42,"exsht3",6,null,null,915,30,2277,277,2277,{"$nulls":3},"X36447",{"$nulls":4},"Yes",null,"ST131","Non-ST131","ST131"]
[1713,57,7,6,20.3,"No",null,"Yes","No",null,3,"No","No","URINE",2,"Yes","No","No","Yes","No","Yes","Yes","No","Yes","No","No","No","No","No","No","No",7,"Yes",10,"No","Yes","Yes","Yes","Yes","No",null,"No","Yes","N","Y","N","N","Yes","No","No","Yes",null,54,49,"exsht3",6,"exsht 5",null,925,54,2352,53,2343,{"$nulls":3},"X35388",{"$nulls":7},"Non-ST131","Non-ST131"]
[1715,272,6,5,28,"No",null,"No","No",null,3,"No","No","URINE",1,"Yes","No","No","Yes","Yes","No","Yes","No","No","No","No","No","Yes","No","No","No",5,"Yes",7,"No","Yes","No","No","No","Yes",70,"No","Yes","N","Y","N","N","Yes","Yes",null,"Yes","Yes",263,43,"exsht3",6,"exsht 5","yes",5,null,0,1,0,"redo",1715,null,"E74830",{"$nulls":7},"ST131","ST131"]
[1716,248,6,1,45,"Yes",null,"No","No",null,3,null,"No","URINE",2,"Yes","No","No","Yes","No",null,"Yes","No","No","No","No","No","No","Yes","No","Yes",3,"Yes",6,"No","Yes",null,"Yes","No","No",null,"Yes","No","N","N","Y","N","No","No",null,"Yes",null,241,44,"exsht3",6,"batch7",null,5,null,0,1,0,"redo",1716,null,"E69897","40-30",40,30,1,"Yes","ST131","ST131","Non-ST131","ST131"]
[1717,107,13,13,17.2,"No",null,"No","No",null,3,"No","No","URINE",2,"Yes","No","No","Yes","No","Yes","Yes","No","No","No","No","No","No","No","No","No",2,"Yes",4,"No","Yes",null,"No","No","Yes",41,"Yes","Yes","N","Y","Y","N","Yes","No","Yes","Yes","No",103,45,"exsht3",6,null,null,656,30,2421,164,2412,"redo",1717,null,"B37463",{"$nulls":4},"Yes",null,"ST131","Non-ST131","ST131"]
[1719,184,14,6,18,"No",null,"No","No",null,3,"No","No","URINE",1,"Yes","No","No","Yes","Yes","No","No","No","Yes","No","No","No","Yes","Yes","Yes","No",8,"Yes",10,"No","Yes",null,"Yes","No","Yes",72,"No","Yes","N","Y","N","N","Yes","Yes","Yes","Yes","Yes",179,46,"exsht3",6,"exsht 5","yes",908,30,2364,164,2355,{"$nulls":3},"F44154",{"$nulls":4},"Yes",null,"ST131","ST131","ST131"]
[1721,238,1,0,21.5,"No",null,"Yes","No","Yes",1,"No","No","URINE",1,"No","No","No","No","No","No","No","No","No","No","No","No","No","No","No","No",0,"Yes",0,"No",null,"No","Yes","No","Yes",72,"No","Yes","N","Y","Y","N","Yes","Yes","No","No","Yes",232,47,"exsht3",6,null,null,915,165,1620,329,1620,{"$nulls":3},"E75424",{"$nulls":7},"ST131","ST131"]
[1722,116,14,7,23,"No",null,"No","No",null,3,null,"No","URINE",2,"No","No","No","Yes","Yes","Yes","Yes","No","No","No","No","No","No","No","No","No",2,"Yes",2,"No","Yes",null,"No","No","Yes",132,"No","Yes","N","Y","N","N","Yes","Yes",null,"Yes","Yes",112,50,"exsht3",6,"exsht 5",null,185,null,53,146,53,"redo",1722,null,"F44311","35-27",35,27,1,null,"Non-ST131",null,"ST131","ST131"]
[1723,306,9,9,20,"No",null,"Yes","No","Yes",2,"No","No","URINE",1,"Yes","No","No","Yes","No","No","Yes","No","Yes","No","No","Yes","Yes","Yes","No","No",1,"Yes",1,"No","Yes","No","Yes","Yes","Yes",96,"Yes","Yes","N","Y","N","N","Yes","Yes","Yes","No","Yes",296,51,"exsht3",6,"exsht 5",null,906,30,2358,164,2349,{"$nulls":3},"E88663",{"$nulls":4},"Yes",null,"ST131","ST131","ST131"]
[1724,81,4,4,13,"No",null,"Yes","No","Yes",2,null,"No","URINE",1,"No","No","Yes","No","No","No","Yes",null,"No","No","No","No","No","No",null,"No",3,"Yes",4,"No",null,"No","Yes","Yes","Yes",79,"Yes","Yes","N","Y","Y","N","Yes","Yes","Yes","No","Yes",77,52,"exsht3",6,"exsht 5","yes",916,30,2358,164,2349,{"$nulls":3},"T13363",{"$nulls":4},"Yes",null,"ST131","ST131","ST131"]
[1727,243,31,4,24,"No",null,"Yes","No",null,3,"No","No","URINE",2,"Yes","Yes","No","Yes","Yes","No","Yes","No","No","No","No","No","Yes","Yes","No","Yes",7,"Yes",11,"No","Yes",null,"Yes","No","Yes",48,"No","Yes","Y","N","Y","N","Yes","Yes",null,"Yes","Yes",237,53,"exsht3",6,"exsht 5","yes",5,null,0,1,0,"redo",1727,null,"E83038","40-30",40,30,1,"Yes","ST131","ST131","ST131","ST131"]
[1753,66,1,0,34,"Yes",null,"No","No",null,2,null,"No","URINE",1,"Yes","No",null,"No","No","No","Yes","No","No","No","No","No","Yes","No","No","Yes",1,"Yes",2,"No",null,"No","No","No","No",null,"No","Yes","Y","Y","N","N","Yes","Yes","Yes","No",null,63,54,"exsht3",6,"exsht 5","yes",535,30,2187,164,2178,"redo",1753,null,"H4636",{"$nulls":4},"Yes",null,"ST131","ST131","ST131"]
[1755,216,11,9,32.2,"Yes",null,"No",null,null,2,"No","No","URINE",1,"No","No","No","Yes","No","No","No","No","No","No","No","No","No","No","No","Yes",5,"Yes",6,"No","Yes","No","No","No","Yes",48,"No","Yes","N","Y","N","N","Yes","Yes",null,"No","Yes",211,55,"exsht3",6,"exsht 5","yes",5,null,0,1,0,"redo",1755,null,"P13253",{"$nulls":7},"ST131","ST131"]
[1759,39,12,11,19.4,"No",null,"No","No",null,2,"No","No","SPUTUM",1,"No","No","No","No","No","No","No","No","No","No","No","No","No","No","No","No",1,"No",3,"Yes","Yes","Yes","Yes","No","Yes",71,"Yes","Yes","N","Y","N","N","Yes","Yes","Yes","No","Yes",36,56,"exsht3",6,"exsht 5","yes",916,30,2358,164,2349,{"$nulls":3},"H1701",{"$nulls":4},"Yes",null,"ST131","ST131","ST131"]
[1760,46,21,16,33,"No",null,"No","No",null,3,"Yes","No","SPUTUM",1,"Yes","Yes","No","No","Yes","No","No","No","No","No","No","No","No","No","No","Yes",7,"No",9,"Yes","Yes","Yes","No","No","Yes",48,"No","No","N","N","Y","N","No","Yes",null,"Yes","Yes",43,57,"exsht3",6,"exsht 5","yes",5,null,0,1,0,"redo",1760,null,"E89709","11-",11,null,1,null,"Non-ST131",null,"ST131","ST131"]
[1761,193,6,6,24.2,"No",null,"No","No",null,3,null,"No","URINE",2,"Yes","No",null,"Yes","No","No","No","No","No","No","No","No","No","Yes","Yes","No",4,"Yes",7,"No","Yes",null,"Yes","Yes","Yes",72,"No","Yes","N","Y","N","N","Yes","Yes",null,"Yes","Yes",188,58,null,6,"exsht 5","yes",5,null,0,1,0,"redo",1761,null,"S81299","40-30",40,30,1,"Yes","ST131","ST131","ST131","ST131"]
[1762,196,48,46,23.1,"No",null,"No","Yes",null,2,null,"Yes","URINE",1,"No","No","No","Yes","No",null,"No","No","No","No","No","No","No","No","No","No",0,"Yes",0,"No","No","Yes","Yes","Yes","No",null,"Yes","Yes","N","Y","Y","N","Yes","Yes",null,"No",null,191,59,"exsht3",6,"exsht 5",null,253,null,564,99,564,"redo",1762,null,"M4684","35-27",35,27,1,null,"Non-ST131",null,"ST131","ST131"]
[1763,255,0,0,31,"Yes",null,"No",null,null,1,"No",null,"URINE",1,"No","No",null,"Yes","No","No","Yes","No","No","No","No","No","No","No","No","No",2,"Yes",2,"No","Yes","No","No","No","No",null,"Yes","Yes","N","Y","Y","N","Yes","Yes","Yes","No",null,248,60,null,6,"exsht 5","yes",907,30,2358,164,2349,{"$nulls":3},"G43382",{"$nulls":4},"Yes",null,"ST131","ST131","ST131"]
[1766,80,11,11,24.5,"No",null,"No","No",null,3,null,"No","URINE",1,"No","No","Yes","Yes","No","No","Yes","No","No","No","No","No","No","No","No","No",5,"Yes",9,"No","Yes","Yes","Yes","Yes","Yes",61,"No","Yes","N","Y","N","N","Yes","Yes","Yes","Yes","Yes",76,61,"exsht3",6,"exsht 5",null,881,30,2358,164,2349,{"$nulls":3},"T22680",{"$nulls":4},"Yes",null,"ST131","ST131","ST131"]
[1792,374,25,24,25,"No",null,"No","No",null,3,null,"No","WOUND",2,"Yes","No",null,"Yes","Yes","No","Yes","No","No","No","No","No","Yes","No","No","Yes",5,"No",9,"No","Yes",null,"No","No","Yes",0,"Yes","Yes","N","Y","N","N","Yes","Yes",null,"Yes","No",362,62,"exsht3",6,"exsht 5","yes",248,null,732,193,732,"redo",1792,null,"M4013","40-30",40,30,1,"Yes","ST131","ST131","ST131","ST131"]
[1793,349,29,7,34,"Yes",null,"No","No",null,3,"No","No","TISSUE",2,"No","No","No","Yes","Yes","No","Yes","No","No","No","No","No","Yes","Yes","No","No",4,"No",9,"No","Yes",null,"No","No","No",null,"Yes","Yes","N","Y","N","N","Yes","Yes","Yes","Yes",null,338,63,"exsht3",6,"exsht 5",null,437,30,1708,164,1708,"redo",1793,null,"T21902","38-41",38,41,1,"Yes","Non-ST131","ST131","ST131","ST131"]
[1794,380,37,36,25,"No",null,"No","No",null,3,"No","No","WOUND",2,"Yes",null,"No","Yes","No",null,"No","No","No","No","No","No","No","No","No","Yes",3,"No",6,"No","Yes",null,"No","Yes",{"$nulls":3},"Yes","N","Y","N","N","Yes","Yes","No","Yes",null,368,64,"exsht3",6,"exsht 5","yes",906,27,2391,25,2382,{"$nulls":3},"T20771",{"$nulls":7},"ST131","ST131"]
[1800,101,3,4,40,"Yes",null,"No","No",null,3,"No","No","URINE",2,"No","No","No","Yes","Yes","Yes","Yes","No","No","No","No","No","No","No","No","Yes",2,"Yes",6,"No","Yes","No","Yes","No","No",null,"Yes","Yes","N","Y","Y","N","Yes","Yes","No","Yes",null,97,65,"exsht3",6,"exsht 5",null,916,32,2271,366,2262,{"$nulls":3},"X47869",{"$nulls":7},"ST131","ST131"]
[1802,236,9,6,38,"Yes",null,"No","No",null,3,null,"No","URINE",1,"Yes","No",null,"No","No","No","No","No","No","No","No","No","No","No","No","Yes",3,"Yes",6,"No",null,"No","Yes","Yes",null,null,"Yes","Yes","Y","N","N","N","Yes","Yes","Yes","Yes",null,230,66,"exsht3",6,"exsht 5","yes",788,30,2445,164,2436,"redo",1802,null,"X46197","23-",23,null,1,"Yes","Non-ST131","ST131","ST131","ST131"]
[1803,17,7,7,20.7,"No",null,"No","No",null,3,"Yes","No","BLOOD",2,"Yes","No","No","Yes","Yes","Yes","Yes","No","No","No","No","No","Yes","Yes","No","No",6,"No",10,"No","Yes",null,"No","No","Yes",19,"No","Yes","N","Y","Y","N","Yes","Yes","Yes","Yes","No",15,67,"exsht3",6,"exsht 5","yes",910,30,2409,164,2400,{"$nulls":3},"H12442",{"$nulls":4},"Yes",null,"ST131","ST131","ST131"]
[1804,315,11,7,26.8,"No",null,"Yes","No","Yes",3,null,"No","URINE",2,"No","No",null,"Yes","Yes","No","Yes","No","No","No","No","No","No","No","No","No",6,"Yes",8,"No","Yes",null,"Yes","No","Yes",168,"No","Yes","N","Y","Y","N","Yes","Yes",null,"Yes","Yes",305,68,"exsht3",6,"exsht 5","yes",5,null,0,1,0,"redo",1804,null,"T28680","40-30",40,30,1,"Yes","ST131","ST131","ST131","ST131"]
[1805,140,8,7,25,"No",null,"Yes","Yes","No",3,null,"No","URINE",1,"Yes","No","No","No","No","No","Yes","No","No","Yes","No","No","Yes","No","No","Yes",9,"Yes",12,"No",null,"No","Yes","No","Yes",21,"No","Yes","N","Y","Y","N","Yes","No",null,"Yes","No",136,69,"exsht3",6,"exsht 5",null,5,null,0,1,0,"redo",1805,null,"T32536","40-30",40,30,1,"Yes","ST131","ST131","Non-ST131","ST131"]
[1817,180,15,10,39,"Yes",null,"Yes","No",null,3,null,"No","URINE",1,"No","No",null,"No","No","No","No","No","No","No","No","No","No","No","Yes","Yes",5,"Yes",8,"No","Yes","Yes","Yes","No","Yes",72,"Yes","No","N","N","N","N","No","Yes","Yes","Yes","Yes",175,70,"exsht3",6,"exsht 5",null,905,30,2379,164,2370,{"$nulls":3},"G56911",{"$nulls":4},"Yes",null,"ST131","ST131","ST131"]
[1820,325,15,15,18,"No",null,"No","No",null,3,"No","No","URINE",1,"Yes","No","No","No","Yes","No","Yes","No","No","No","No","No","No","No","No","No",1,"Yes",5,"No","Yes","Yes","Yes","Yes","Yes",72,"Yes","Yes","N","Y","Y","N","Yes","Yes",null,"Yes","Yes",315,71,"exsht3",6,"exsht 5",null,5,null,0,1,0,"redo",1820,null,"S8246","40-27",40,27,1,null,"ST131",null,"ST131","ST131"]
[1821,301,0,0,48.2,"Yes",null,"No","No",null,3,null,null,"URINE",1,"No","No",null,"Yes","No","No","Yes","No","No","No","No","No","No","No","No","No",4,"Yes",8,"No",null,"No","No","No","Yes",0,"Yes","Yes","N","Y","N","N","Yes","Yes",null,"Yes","No",291,72,"exsht3",6,"exsht 5","yes",5,null,0,1,0,"redo",1821,null,"G62267","40-30",40,30,1,"Yes","ST131","ST131","ST131","ST131"]
[1822,59,2,1,27.4,"No",null,"Yes","No",null,3,null,"No","URINE",1,"No","No",null,"No","No","No","No","No","No","No","No","No","No","No","Yes","Yes",4,"Yes",6,"No",null,"No","No","No","Yes",18,"No","No","N","N","Y","N","No","Yes","Yes","Yes","No",56,73,"exsht3",6,"exsht 5",null,913,30,2358,164,2349,{"$nulls":3},"G62337",{"$nulls":4},"Yes",null,"ST131","ST131","ST131"]
[1825,126,3,3,22.2,"No",null,"No","No",null,2,"No","No","URINE",1,"No","No","Yes","Yes","No","No","Yes","No","No","No","No","No","No","No","No","Yes",2,"Yes",3,"No","Yes",null,"No","No","Yes",76,"Yes","Yes","Y","Y","Y","N","Yes","Yes","Yes","No","Yes",122,74,"exsht3",6,"exsht 5","yes",917,30,2427,164,2418,{"$nulls":3},"P32913",{"$nulls":4},"Yes",null,"ST131","ST131","ST131"]
[1826,343,27,16,30,"Yes",null,"Yes","No",null,3,"No","No","URINE",2,"Yes",null,"No","Yes","Yes",null,"Yes","No","Yes","No","No","No","No","No","No","No",8,"Yes",10,"No",null,"Yes","Yes","Yes","Yes",240,"Yes","Yes","N","Y","Y","N","Yes","Yes","No","Yes","Yes",332,75,"exsht3",6,"exsht 5","yes",913,121,2445,259,2436,{"$nulls":3},"G69288",{"$nulls":7},"ST131","ST131"]
[1827,247,6,6,35,"Yes",null,"No","No",null,2,"No","No","URINE",2,"Yes","No","No","Yes","Yes","No",null,"No","No","No","No","No","No","No","No","No",8,"Yes",9,"No","Yes",null,"Yes","No","Yes",48,"Yes","Yes","N","Y","Y","N","Yes","Yes","Yes","No","Yes",240,76,"exsht3",6,"exsht 5","yes",898,30,2397,164,2388,{"$nulls":3},"G65751",{"$nulls":4},"Yes",null,"ST131","ST131","ST131"]
[1828,207,11,9,64.8,"Yes",null,"No","No",null,2,"Yes","No","URINE",2,"Yes","No","Yes","No","No","No","No","No","Yes","No","No","No","No","No","No","Yes",4,"Yes",4,"Yes","Yes",null,"No","No","Yes",48,"No","Yes","N","Y","Y","N","Yes","Yes","No","No","Yes",202,77,"exsht3",6,"exsht 5","yes",928,329,2415,30,2415,{"$nulls":3},"W60145",{"$nulls":7},"ST131","ST131"]
[1829,363,7,7,38,"Yes",null,"No","No",null,2,"No","No","TISSUE",1,"Yes","No","No","No","No","No","No","No","No","No","No","No","No","No","No","Yes",2,"No",2,"No","Yes","No","No","No","Yes",72,"Yes","Yes","N","Y","Y","N","Yes","Yes","Yes","No","Yes",351,78,"exsht3",6,"exsht 5","yes",920,30,2364,164,2355,{"$nulls":3},"G73396",{"$nulls":4},"Yes",null,"ST131","ST131","ST131"]
[1831,330,3,3,36,"Yes",null,"No","No",null,2,"No","No","TISSUE",1,"Yes","No","No","Yes","No","Yes","No","No","No","No","No","No","Yes","Yes","No","Yes",2,"No",2,"No","Yes","No","Yes","Yes","Yes",72,"Yes","Yes","N","Y","N","N","Yes","Yes","Yes","No","Yes",320,79,"exsht3",6,"exsht 5","yes",907,30,2376,164,2367,{"$nulls":3},"G73992",{"$nulls":4},"Yes",null,"ST131","ST131","ST131"]
[1832,290,0,0,36.1,"Yes",null,"No","No",null,1,null,"No","URINE",1,"No","No",null,"No","No","No","No","No","No","No","No","No","No","No","No","No",0,"Yes",0,"No",null,"No","No","No","Yes",1,"Yes","Yes","N","Y","Y","N","Yes","Yes","Yes","No","No",280,80,"exsht3",6,"exsht 5","yes",907,30,2388,164,2379,{"$nulls":3},"S17232",{"$nulls":4},"Yes",null,"ST131","ST131","ST131"]
[1833,61,6,6,28,"No",null,"No","No",null,3,"No","No","URINE",1,"Yes","No","Yes","Yes","Yes","No","No","No","No","No","No","No","No","No","No","No",3,"Yes",6,"Yes","Yes","No","No","No","Yes",151,"No","Yes","N","Y","N","N","Yes","Yes","No","Yes","Yes",58,81,"exsht3",6,"exsht 5","yes",913,87,2352,35,2352,{"$nulls":3},"M30128",{"$nulls":7},"ST131","ST131"]
[1834,328,4,3,24,"No",null,"No","No",null,2,"No","No","URINE",1,"Yes",null,"Yes","Yes","No",null,"Yes","No","No","No","No","No","Yes","Yes","No","No",8,"Yes",10,"No","Yes","Yes","Yes","No","No",null,"Yes","Yes","N","Y","N","N","Yes","Yes","Yes","No",null,318,82,"exsht3",6,"exsht 5","yes",908,30,2445,164,2436,{"$nulls":3},"T49621",{"$nulls":4},"Yes",null,"ST131","ST131","ST131"]
[1835,13,7,8,31.6,"Yes",null,"No",null,null,2,"No","No","BLOOD",2,"Yes","No","No","Yes","No","Yes","No","No","No","Yes","No","No","Yes","No","No","No",2,"No",3,"No","Yes",null,"No","No","Yes",36,"No","Yes","N","Y","Y","N","Yes","Yes","Yes","No","No",11,83,"exsht3",6,"exsht 5","yes",897,30,2433,164,2424,{"$nulls":3},"P34889",{"$nulls":4},"Yes",null,"ST131","ST131","ST131"]
[1836,12,9,9,20,"No",null,"No","No",null,2,"No","No","BLOOD",2,"Yes","No","No","Yes","No","Yes","No","No","No","No","No","No","No","No","No","No",2,"No",2,"No","Yes",null,"No","No","Yes",60,"No","Yes","N","Y","Y","N","Yes","Yes","No","No","Yes",10,84,"exsht3",6,"exsht 5","yes",918,35,2433,32,2424,{"$nulls":3},"G77922",{"$nulls":7},"ST131","ST131"]
[1837,51,7,4,24,"No",null,"Yes","Yes","Yes",3,"Yes","No","SPUTUM",1,"Yes","No","No","Yes","Yes","Yes","Yes","No","No","No","No","No","No","No","No","Yes",7,"No",10,"Yes","Yes","No","Yes","No","No",null,"Yes","Yes","N","Y","N","N","Yes","Yes","Yes","Yes",null,48,85,"exsht3",6,"exsht 5","yes",914,30,2352,164,2343,{"$nulls":3},"P37486",{"$nulls":4},"Yes",null,"ST131","ST131","ST131"]
[1855,252,8,8,19.4,"No","No","No","No",null,3,"No",null,"URINE",1,"No",null,"Yes","Yes","Yes",null,"No","No","No","No","Yes","No","No","No","No","No",4,"Yes",8,"No",{"$nulls":3},"No","No",null,"No","Yes","N","Y","N","N","Yes","Yes","Yes","Yes",null,245,86,"exsht3",6,"exsht 5","yes",913,30,2379,164,2370,{"$nulls":3},"G75455",{"$nulls":4},"Yes",null,"ST131","ST131","ST131"]
[1859,302,10,2,29,"No",null,"No","No",null,3,null,"No","URINE",2,"No","No","No","Yes","Yes",null,"No","No","No","No","No","No","No","No","No","No",3,"Yes",6,"No","Yes",null,"Yes","No","No",null,"No","Yes","N","Y","Y","N","Yes","Yes","No","Yes",null,292,87,"exsht3",6,"exsht 5","yes",913,121,2445,259,2436,{"$nulls":3},"W66813",{"$nulls":7},"ST131","ST131"]
[1860,102,23,18,18,"No",null,"No","No",null,2,"No","No","URINE",2,"Yes","No","No","Yes","No","Yes","No","No","No","No","No","No","Yes","No","Yes","No",9,"Yes",11,"No","Yes","No","Yes","No","Yes",18,"Yes","Yes","N","Y","Y","N","Yes","No","Yes","No","No",98,88,"exsht3",6,"exsht 5",null,915,30,2445,164,2436,{"$nulls":3},"H34526",{"$nulls":4},"Yes",null,"ST131","Non-ST131","ST131"]
[1863,338,8,8,51.5,"Yes",null,"Yes","No","No",3,null,"No","URINE",2,"Yes","No","No","Yes","No",null,"No","No","No","No","No","No","No","No","No","Yes",3,"Yes",6,"No","Yes",null,"Yes","Yes","Yes",24,"Yes","Yes","N","Y","N","N","Yes","Yes","No","Yes","No",328,89,"exsht3",6,"exsht 5","yes",906,26,2388,25,2379,{"$nulls":3},"F2625",{"$nulls":7},"ST131","ST131"]
[1865,270,7,7,25.8,"No",null,"No","No",null,2,"No","No","URINE",1,"No","No","No","No","No","No","Yes","Yes","No","No","No","No","No","No","No","No",2,"Yes",3,"No","No","No","Yes","Yes","Yes",1,"Yes","No","N","N","Y","N","No","Yes","Yes","No","No",261,90,"exsht3",6,"exsht 5","yes",908,30,2394,164,2385,{"$nulls":3},"H35209",{"$nulls":4},"Yes",null,"ST131","ST131","ST131"]
[1868,150,4,4,31,"Yes",null,"No","No",null,2,"No","No","URINE",1,"Yes","No","Yes","No","No","No","No","No","No","No","No","No","Yes","Yes","No","Yes",7,"Yes",8,"No",null,"No",null,"No","No",null,"No","Yes","N","Y","N","N","Yes","Yes",null,"No",null,146,91,"exsht3",6,"exsht 5","yes",5,null,0,1,0,"redo",1868,null,"G84985","40-30",40,30,1,"Yes","ST131","ST131","ST131","ST131"]